Toutes les communes de Bourgogne-Franche-Comté sur une carte - Statistiques

Statistiques générales
  • Ce quiz a été pris 2 563 fois
    2 386 depuis la dernière actualisation
  • Le résultat moyen est 196 sur 3685
Réponses sur la Carte
Les réponses sont colorées sur une échelle allant du rouge au vert en fonction du pourcentage des utilisateurs qui les ont devinées à leur premier essai. Vous pouvez retrouver ces pourcentages ci-dessous.
 
Statistiques - réponses
Département Population Communes % Correct
Côte-d'Or 159 106 Dijon
88%
Côte-d'Or 236 Mont-Saint-Jean
76%
Saône-et-Loire 315 Mont-Saint-Vincent
73%
Doubs 119 198 Besançon
72%
Haute-Saône 122 Villers-Chemin-et-Mont-lès-Étrelles
72%
Saône-et-Loire 166 Mont
71%
Doubs 187 Mont-de-Laval
71%
Doubs 196 Mont-de-Vougney
71%
Nièvre 154 Mont-et-Marré
71%
Saône-et-Loire 184 Mont-lès-Seurre
71%
Haute-Saône 189 Mont-le-Vernois
71%
Haute-Saône 48 Mont-Saint-Léger
71%
Yonne 171 Mont-Saint-Sulpice
71%
Jura 1 287 Mont-sous-Vaudrey
71%
Jura 231 Mont-sur-Monnet
71%
Yonne 34 778 Auxerre
66%
Saône-et-Loire 34 414 Mâcon
61%
Saône-et-Loire 45 094 Chalon-sur-Saône
57%
Territoire de Belfort 45 458 Belfort
55%
Côte-d'Or 20 122 Beaune
54%
Nièvre 32 830 Nevers
53%
Côte-d'Or 159 Pont
48%
Jura 631 Pont-de-Poitte
48%
Jura 234 Pont-d'Héry
48%
Haute-Saône 112 Pont-du-Bois
48%
Jura 275 Pont-du-Navoy
48%
Côte-d'Or 172 Pont-et-Massène
48%
Doubs 206 Pont-les-Moulins
48%
Haute-Saône 60 Pont-sur-l'Ognon
48%
Yonne 361 Pont-sur-Vanne
48%
Yonne 759 Pont-sur-Yonne
48%
Jura 23 611 Dole
47%
Jura 17 092 Lons-le-Saunier
47%
Haute-Saône 15 130 Vesoul
46%
Doubs 25 573 Montbéliard
44%
Jura 766 Les Trois-Châteaux
43%
Saône-et-Loire 1 204 La Motte-Saint-Jean
42%
Côte-d'Or 260 Moutiers-Saint-Jean
41%
Yonne 27 034 Sens
41%
Saône-et-Loire 424 Sens-sur-Seille
41%
Yonne 213 Plessis-Saint-Jean
40%
Nièvre 505 Saint-Jean-aux-Amognes
40%
Côte-d'Or 107 Saint-Jean-de-Bœuf
40%
Côte-d'Or 1 039 Saint-Jean-de-Losne
40%
Saône-et-Loire 379 Saint-Jean-de-Trézy
40%
Saône-et-Loire 389 Saint-Jean-de-Vaux
40%
Nièvre 238 Ville-Langy
40%
Jura 368 Saint-Pierre
39%
Saône-et-Loire 848 Saint-Pierre-de-Varennes
39%
Nièvre 163 Saint-Pierre-du-Mont
39%
Côte-d'Or 139 Saint-Pierre-en-Vaux
39%
Nièvre 1 832 Saint-Pierre-le-Moûtier
39%
Saône-et-Loire 368 Saint-Pierre-le-Vieux
39%
Saône-et-Loire 189 Bois-Sainte-Marie
38%
Doubs 17 849 Pontarlier
38%
Doubs 1 241 Labergement-Sainte-Marie
37%
Haute-Saône 97 Le Val-Saint-Éloi
37%
Doubs 241 Le Val
36%
Haute-Saône 67 Le Val-de-Gouhenans
36%
Yonne 556 Le Val d'Ocre
36%
Côte-d'Or 267 Le Val-Larrey
36%
Jura 632 Grande-Rivière Château
34%
Côte-d'Or 5 332 Nuits-Saint-Georges
34%
Doubs 663 Sainte-Marie
34%
Nièvre 83 Sainte-Marie
34%
Haute-Saône 210 Sainte-Marie-en-Chanois
34%
Haute-Saône 160 Sainte-Marie-en-Chaux
34%
Côte-d'Or 897 Sainte-Marie-la-Blanche
34%
Côte-d'Or 695 Sainte-Marie-sur-Ouche
34%
Saône-et-Loire 233 Château
32%
Saône-et-Loire 21 057 Le Creusot
32%
Saône-et-Loire 13 205 Autun
31%
Nièvre 297 La Chapelle-Saint-André
31%
Doubs 1 211 Fontain
30%
Doubs 1 619 Arc-et-Senans
28%
Haute-Saône 2 451 Arc-lès-Gray
28%
Doubs 735 Arc-sous-Cicon
28%
Doubs 225 Arc-sous-Montenot
28%
Côte-d'Or 2 608 Arc-sur-Tille
28%
Saône-et-Loire 647 La Chapelle-Saint-Sauveur
28%
Haute-Saône 170 La Résie-Saint-Martin
28%
Nièvre 164 Saint-Hilaire-Fontaine
28%
Saône-et-Loire 1 387 Saint-Martin-Belle-Roche
28%
Saône-et-Loire 135 Saint-Martin-d'Auxy
28%
Saône-et-Loire 101 Saint-Martin-de-Commune
28%
Côte-d'Or 303 Saint-Martin-de-la-Mer
28%
Saône-et-Loire 93 Saint-Martin-de-Lixy
28%
Saône-et-Loire 102 Saint-Martin-de-Salencey
28%
Yonne 420 Saint-Martin-des-Champs
28%
Nièvre 559 Saint-Martin-d'Heuille
28%
Yonne 260 Saint-Martin-d'Ordon
28%
Saône-et-Loire 245 Saint-Martin-du-Lac
28%
Côte-d'Or 462 Saint-Martin-du-Mont
28%
Saône-et-Loire 180 Saint-Martin-du-Mont
28%
Nièvre 285 Saint-Martin-du-Puy
28%
Saône-et-Loire 156 Saint-Martin-du-Tartre
28%
Yonne 1 533 Saint-Martin-du-Tertre
28%
Saône-et-Loire 1 912 Saint-Martin-en-Bresse
28%
Saône-et-Loire 119 Saint-Martin-en-Gâtinois
28%
Saône-et-Loire 61 Saint-Martin-la-Patrouille
28%
Saône-et-Loire 340 Saint-Martin-sous-Montaigu
28%
Yonne 144 Saint-Martin-sur-Armançon
28%
Nièvre 376 Saint-Martin-sur-Nohain
28%
Saône-et-Loire 713 Varenne-Saint-Germain
28%
Jura 8 895 Saint-Claude
27%
Doubs 1 195 Colombier-Fontaine
26%
Côte-d'Or 4 360 Is-sur-Tille
26%
Doubs 319 La Tour-de-Sçay
26%
Jura 250 La Tour-du-Meix
26%
Côte-d'Or 383 Montigny-Mornay-Villeneuve-sur-Vingeanne
26%
Doubs 3 795 Sochaux
26%
Doubs 120 Chassagne-Saint-Denis
25%
Haute-Saône 266 Frédéric-Fontaine
25%
Jura 139 Graye-et-Charnay
25%
Haute-Saône 291 La Roche-Morey
25%
Côte-d'Or 109 Saint-Marc-sur-Seine
25%
Jura 93 Bourg-de-Sirod
24%
Saône-et-Loire 175 Bourg-le-Comte
24%
Territoire de Belfort 123 Bourg-sous-Châtelet
24%
Côte-d'Or 11 055 Chevigny-Saint-Sauveur
24%
Territoire de Belfort 594 Fontaine
24%
Côte-d'Or 883 Fontaine-Française
24%
Yonne 510 Fontaine-la-Gaillarde
24%
Doubs 264 Fontaine-lès-Clerval
24%
Côte-d'Or 8 756 Fontaine-lès-Dijon
24%
Haute-Saône 1 328 Fontaine-lès-Luxeuil
24%
Côte-d'Or 117 Fontaines-en-Duesmois
24%
Côte-d'Or 25 Fontaines-les-Sèches
24%
Jura 595 La Chailleuse
24%
Côte-d'Or 192 Montceau-et-Écharnant
24%
Saône-et-Loire 17 239 Montceau-les-Mines
24%
Côte-d'Or 669 Morey-Saint-Denis
24%
Jura 1 196 Arlay
23%
Haute-Saône 401 Auxon
23%
Yonne 6 387 Avallon
23%
Saône-et-Loire 309 Clux-Villeneuve
23%
Nièvre 9 437 Cosne-Cours-sur-Loire
23%
Haute-Saône 254 Crevans-et-la-Chapelle-lès-Granges
23%
Saône-et-Loire 225 La Chapelle-au-Mans
23%
Saône-et-Loire 235 La Chapelle-de-Bragny
23%
Saône-et-Loire 4 126 La Chapelle-de-Guinchay
23%
Saône-et-Loire 192 La Chapelle-du-Mont-de-France
23%
Haute-Saône 386 La Chapelle-lès-Luxeuil
23%
Saône-et-Loire 498 La Chapelle-Naude
23%
Haute-Saône 151 La Chapelle-Saint-Quillain
23%
Saône-et-Loire 139 La Chapelle-sous-Brancion
23%
Saône-et-Loire 432 La Chapelle-sous-Dun
23%
Saône-et-Loire 191 La Chapelle-sous-Uchon
23%
Jura 306 La Chapelle-sur-Furieuse
23%
Yonne 659 La Chapelle-sur-Oreuse
23%
Saône-et-Loire 481 La Chapelle-Thècle
23%
Yonne 92 La Chapelle-Vaupelteigne
23%
Côte-d'Or 899 La Roche-en-Brenil
23%
Côte-d'Or 138 La Roche-Vanneau
23%
Saône-et-Loire 1 573 La Roche-Vineuse
23%
Haute-Saône 7 918 Lure
23%
Côte-d'Or 512 Lux
23%
Saône-et-Loire 2 012 Lux
23%
Côte-d'Or 1 513 Saint-Julien
23%
Saône-et-Loire 489 Saint-Julien-de-Civry
23%
Saône-et-Loire 343 Saint-Julien-de-Jonzy
23%
Yonne 2 203 Saint-Julien-du-Sault
23%
Doubs 159 Saint-Julien-lès-Montbéliard
23%
Doubs 183 Saint-Julien-lès-Russey
23%
Saône-et-Loire 242 Saint-Julien-sur-Dheune
23%
Jura 787 Val Suran
23%
Saône-et-Loire 1 131 Varennes-Saint-Sauveur
23%
Doubs 284 Villars-Saint-Georges
23%
Côte-d'Or 14 323 Chenôve
22%
Haute-Saône 150 La Villeneuve-Bellenoye-et-la-Maize
22%
Côte-d'Or 62 La Villeneuve-les-Convers
22%
Côte-d'Or 4 831 Montbard
22%
Haute-Saône 1 364 Saint-Germain
22%
Nièvre 311 Saint-Germain-Chassenay
22%
Côte-d'Or 179 Saint-Germain-de-Modéon
22%
Nièvre 123 Saint-Germain-des-Bois
22%
Yonne 341 Saint-Germain-des-Champs
22%
Saône-et-Loire 1 890 Saint-Germain-du-Bois
22%
Saône-et-Loire 2 313 Saint-Germain-du-Plain
22%
Saône-et-Loire 186 Saint-Germain-en-Brionnais
22%
Jura 383 Saint-Germain-en-Montagne
22%
Territoire de Belfort 652 Saint-Germain-le-Châtelet
22%
Côte-d'Or 82 Saint-Germain-le-Rocheux
22%
Saône-et-Loire 272 Saint-Germain-lès-Buxy
22%
Côte-d'Or 125 Saint-Germain-lès-Senailly
22%
Saône-et-Loire 364 Solutré-Pouilly
22%
Doubs 219 Villeneuve-d'Amont
22%
Jura 89 Villeneuve-d'Aval
22%
Saône-et-Loire 169 Villeneuve-en-Montagne
22%
Yonne 1 110 Villeneuve-la-Dondagre
22%
Yonne 340 Villeneuve-la-Guyard
22%
Yonne 3 464 Villeneuve-l'Archevêque
22%
Yonne 304 Villeneuve-les-Genêts
22%
Yonne 256 Villeneuve-Saint-Salves
22%
Côte-d'Or 96 Villeneuve-sous-Charigny
22%
Jura 298 Villeneuve-sous-Pymont
22%
Yonne 5 136 Villeneuve-sur-Yonne
22%
Jura 113 Châtillon
21%
Nièvre 875 Châtillon-en-Bazois
21%
Doubs 140 Châtillon-Guyotte
21%
Doubs 2 020 Châtillon-le-Duc
21%
Côte-d'Or 5 352 Châtillon-sur-Seine
21%
Doubs 68 Cussey-sur-Lison
21%
Saône-et-Loire 6 451 Louhans
21%
Nièvre 1 401 Magny-Cours
21%
Côte-d'Or 1 537 Pouilly-en-Auxois
21%
Nièvre 1 607 Pouilly-sur-Loire
21%
Côte-d'Or 607 Pouilly-sur-Saône
21%
Côte-d'Or 135 Pouilly-sur-Vingeanne
21%
Saône-et-Loire 265 Saint-Denis-de-Vaux
21%
Yonne 628 Saint-Denis-lès-Sens
21%
Nièvre 917 Alligny-Cosne
20%
Haute-Saône 59 Beulotte-Saint-Laurent
20%
Haute-Saône 5 551 Gray
20%
Haute-Saône 928 Gray-la-Ville
20%
Côte-d'Or 315 Magny-Saint-Médard
20%
Haute-Saône 1 368 Magny-Vernois
20%
Doubs 6 867 Morteau
20%
Côte-d'Or 8 936 Quetigny
20%
Saône-et-Loire 997 Saint-Laurent-d'Andenay
20%
Saône-et-Loire 322 Saint-Laurent-en-Brionnais
20%
Jura 1 824 Saint-Laurent-en-Grandvaux
20%
Nièvre 213 Saint-Laurent-l'Abbaye
20%
Yonne 4 301 Tonnerre
20%
Doubs 4 991 Baume-les-Dames
19%
Jura 158 Baume-les-Messieurs
19%
Haute-Saône 146 Les Magny
19%
Doubs 668 Les Monts-Ronds
19%
Yonne 875 Magny
19%
Doubs 63 Magny-Châtelard
19%
Haute-Saône 446 Magny-Danigon
19%
Haute-Saône 131 Magny-Jobert
19%
Côte-d'Or 81 Magny-Lambert
19%
Côte-d'Or 78 Magny-la-Ville
19%
Côte-d'Or 218 Magny-lès-Aubigny
19%
Haute-Saône 95 Magny-lès-Jussey
19%
Côte-d'Or 242 Magny-lès-Villers
19%
Nièvre 69 Magny-Lormes
19%
Côte-d'Or 260 Magny-Montarlot
19%
Côte-d'Or 894 Magny-sur-Tille
19%
Doubs 125 Saint-Georges-Armont
19%
Yonne 3201 Saint-Georges-sur-Baulche
19%
Saône-et-Loire 1 013 Saint-Vincent-Bragny
19%
Saône-et-Loire 102 Saint-Vincent-des-Prés
19%
Saône-et-Loire 576 Saint-Vincent-en-Bresse
19%
Haute-Saône 177 Villers-Bouton
19%
Doubs 277 Villers-Buzon
19%
Doubs 137 Villers-Chief
19%
Jura 676 Villers-Farlay
19%
Doubs 144 Villers-Grélot
19%
Doubs 50 Villers-la-Combe
19%
Côte-d'Or 389 Villers-la-Faye
19%
Haute-Saône 153 Villers-la-Ville
19%
Doubs 5 228 Villers-le-Lac
19%
Jura 222 Villers-les-Bois
19%
Haute-Saône 526 Villers-le-Sec
19%
Haute-Saône 312 Villers-lès-Luxeuil
19%
Côte-d'Or 1 177 Villers-les-Pots
19%
Haute-Saône 53 Villers-Pater
19%
Côte-d'Or 82 Villers-Patras
19%
Jura 235 Villers-Robert
19%
Côte-d'Or 125 Villers-Rotin
19%
Doubs 224 Villers-Saint-Martin
19%
Doubs 296 Villers-sous-Chalamont
19%
Haute-Saône 196 Villers-sur-Port
19%
Haute-Saône 131 Villers-sur-Saulnot
19%
Haute-Saône 57 Villers-Vaudey
19%
Haute-Saône 154 Vy-le-Ferroux
19%
Haute-Saône 135 Vy-lès-Filain
19%
Haute-Saône 707 Vy-lès-Lure
19%
Haute-Saône 75 Vy-lès-Rupt
19%
Saône-et-Loire 4 931 Cluny
18%
Doubs 64 Hyèvre-Magny
18%
Yonne 382 Nuits
18%
Saône-et-Loire 105 Saint-André-en-Bresse
18%
Nièvre 310 Saint-André-en-Morvan
18%
Yonne 154 Saint-André-en-Terre-Plaine
18%
Saône-et-Loire 248 Saint-André-le-Désert
18%
Côte-d'Or 688 Saint-Rémy
18%
Saône-et-Loire 6 605 Saint-Rémy
18%
Haute-Saône 441 Saint-Rémy-en-Comté
18%
Saône-et-Loire 5 552 Tournus
18%
Saône-et-Loire 112 Varenne-l'Arconce
18%
Côte-d'Or 7 621 Auxonne
17%
Saône-et-Loire 2 849 Charolles
17%
Jura 281 Chevigny
17%
Côte-d'Or 391 Chevigny-en-Valière
17%
Yonne 9 218 Joigny
17%
Nièvre 302 Mars-sur-Allier
17%
Doubs 1 321 Morre
17%
Côte-d'Or 178 Nan-sous-Thil
17%
Saône-et-Loire 9 218 Paray-le-Monial
17%
Doubs 1 146 Pays-de-Clerval
17%
Saône-et-Loire 791 Saint-Étienne-en-Bresse
17%
Saône-et-Loire 2 331 Varennes-le-Grand
17%
Saône-et-Loire 569 Varennes-lès-Mâcon
17%
Saône-et-Loire 533 Varennes-sous-Dun
17%
Yonne 438 Villiers-Saint-Benoît
17%
Yonne 2 145 Chablis
16%
Jura 8 040 Champagnole
16%
Nièvre 3 593 Clamecy
16%
Jura 714 Gevry
16%
Haute-Saône 6 659 Luxeuil-les-Bains
16%
Jura 789 Nanchez
16%
Nièvre 115 Saint-Gratien-Savigny
16%
Haute-Saône 89 Saint-Marcel
16%
Saône-et-Loire 6 188 Saint-Marcel
16%
Saône-et-Loire 1 132 Savigny-en-Revermont
16%
Yonne 142 Savigny-en-Terre-Plaine
16%
Côte-d'Or 1 288 Savigny-lès-Beaune
16%
Côte-d'Or 862 Savigny-le-Sec
16%
Nièvre 109 Savigny-Poil-Fol
16%
Côte-d'Or 231 Savigny-sous-Mâlain
16%
Yonne 450 Savigny-sur-Clairis
16%
Saône-et-Loire 171 Savigny-sur-Grosne
16%
Saône-et-Loire 399 Savigny-sur-Seille
16%
Jura 3 239 Arbois
15%
Doubs 13 944 Audincourt
15%
Jura 1 650 Bois-d'Amont
15%
Jura 57 Bois-de-Gand
15%
Côte-d'Or 3 115 Gevrey-Chambertin
15%
Haute-Saône 10 478 Héricourt
15%
Doubs 609 La Chaux
15%
Saône-et-Loire 323 La Chaux
15%
Jura 565 La Chaux-du-Dombief
15%
Jura 32 La Chaux-en-Bresse
15%
Doubs 486 La Vèze
15%
Jura 4 088 Poligny
15%
Haute-Saône 156 Roche-et-Raucourt
15%
Doubs 97 Roche-lès-Clerval
15%
Doubs 2 210 Roche-lez-Beaupré
15%
Doubs 616 Roches-lès-Blamont
15%
Haute-Saône 64 Roche-sur-Linotte-et-Sorans-les-Cordiers
15%
Côte-d'Or 213 Saint-Aubin
15%
Jura 1 821 Saint-Aubin
15%
Nièvre 69 Saint-Aubin-des-Chaumes
15%
Saône-et-Loire 469 Saint-Aubin-en-Charollais
15%
Nièvre 383 Saint-Aubin-les-Forges
15%
Saône-et-Loire 275 Saint-Aubin-sur-Loire
15%
Yonne 428 Saint-Aubin-sur-Yonne
15%
Doubs 50 Sainte-Anne
15%
Jura 229 Saint-Maur
15%
Doubs 3 148 Saône
15%
Côte-d'Or 11 788 Talant
15%
Jura 71 Chaux-Champagny
14%
Doubs 2 114 Chemaudin et Vaux
14%
Doubs 3 272 Doubs
14%
Territoire de Belfort 754 Lachapelle-sous-Chaux
14%
Territoire de Belfort 584 Lachapelle-sous-Rougemont
14%
Yonne 1 233 Laroche-Saint-Cydroine
14%
Jura 3 663 Les Rousses
14%
Nièvre 348 Saint-Léger-de-Fougeret
14%
Nièvre 1 734 Saint-Léger-des-Vignes
14%
Saône-et-Loire 525 Saint-Léger-du-Bois
14%
Saône-et-Loire 760 Saint-Léger-lès-Paray
14%
Saône-et-Loire 373 Saint-Léger-sous-Beuvray
14%
Saône-et-Loire 281 Saint-Léger-sous-la-Bussière
14%
Saône-et-Loire 1 600 Saint-Léger-sur-Dheune
14%
Côte-d'Or 245 Saint-Léger-Triey
14%
Yonne 357 Saint-Léger-Vauban
14%
Côte-d'Or 231 Saint-Sauveur
14%
Haute-Saône 1 938 Saint-Sauveur
14%
Yonne 900 Saint-Sauveur-en-Puisaye
14%
Côte-d'Or 4 114 Semur-en-Auxois
14%
Saône-et-Loire 610 Semur-en-Brionnais
14%
Yonne 108 Villy
14%
Côte-d'Or 216 Villy-en-Auxois
14%
Côte-d'Or 326 Villy-le-Moutier
14%
Saône-et-Loire 5 516 Chagny
13%
Côte-d'Or 482 Chaux
13%
Territoire de Belfort 1 176 Chaux
13%
Jura 390 Chaux-des-Crotenay
13%
Haute-Saône 506 Chaux-la-Lotière
13%
Doubs 121 Chaux-lès-Passavant
13%
Haute-Saône 164 Chaux-lès-Port
13%
Doubs 328 Chaux-Neuve
13%
Côte-d'Or 130 Dampierre-et-Flée
13%
Territoire de Belfort 5 689 Delle
13%
Saône-et-Loire 628 Dracy-Saint-Loup
13%
Saône-et-Loire 1 241 L'Abergement-Sainte-Colombe
13%
Côte-d'Or 8 631 Longvic
13%
Côte-d'Or 1 404 Meursault
13%
Côte-d'Or 295 Montigny-Montfort
13%
Côte-d'Or 85 Montigny-Saint-Barthélemy
13%
Doubs 1 019 Mouthe
13%
Doubs 4 422 Ornans
13%
Saône-et-Loire 1 942 Pierre-de-Bresse
13%
Yonne 105 Pierre-Perthuis
13%
Jura 2 379 Saint-Amour
13%
Saône-et-Loire 564 Saint-Amour-Bellevue
13%
Côte-d'Or 7 518 Saint-Apollinaire
13%
Côte-d'Or 205 Saint-Didier
13%
Jura 266 Saint-Didier
13%
Nièvre 29 Saint-Didier
13%
Saône-et-Loire 193 Saint-Didier-en-Bresse
13%
Saône-et-Loire 124 Saint-Didier-en-Brionnais
13%
Saône-et-Loire 218 Saint-Didier-sur-Arroux
13%
Nièvre 60 Saint-Maurice
13%
Yonne 410 Saint-Maurice-aux-Riches-Hommes
13%
Doubs 904 Saint-Maurice-Colombier
13%
Jura 232 Saint-Maurice-Crillat
13%
Saône-et-Loire 482 Saint-Maurice-de-Satonnay
13%
Saône-et-Loire 62 Saint-Maurice-des-Champs
13%
Saône-et-Loire 522 Saint-Maurice-en-Rivière
13%
Saône-et-Loire 570 Saint-Maurice-lès-Châteauneuf
13%
Saône-et-Loire 180 Saint-Maurice-lès-Couches
13%
Yonne 372 Saint-Maurice-le-Vieil
13%
Côte-d'Or 199 Saint-Maurice-sur-Vingeanne
13%
Yonne 251 Saint-Maurice-Thizouaille
13%
Côte-d'Or 398 Saint-Nicolas-lès-Cîteaux
13%
Côte-d'Or 2 313 Seurre
13%
Côte-d'Or 167 Vaux-Saules
13%
Saône-et-Loire 2 147 Buxy
12%
Doubs 260 Chapelle-des-Bois
12%
Doubs 531 Chapelle-d'Huin
12%
Jura 601 Chapelle-Voland
12%
Nièvre 552 Château-Chinon (Campagne)
12%
Nièvre 1 931 Château-Chinon (Ville)
12%
Yonne 566 Châtel-Censoir
12%
Jura 52 Châtel-de-Joux
12%
Yonne 202 Châtel-Gérard
12%
Saône-et-Loire 87 Châtel-Moron
12%
Yonne 641 Chaumont
12%
Côte-d'Or 78 Chaumont-le-Bois
12%
Jura 1 315 Dampierre
12%
Saône-et-Loire 174 Dampierre-en-Bresse
12%
Côte-d'Or 61 Dampierre-en-Montagne
12%
Doubs 1 577 Dampierre-les-Bois
12%
Haute-Saône 252 Dampierre-lès-Conflans
12%
Nièvre 448 Dampierre-sous-Bouhy
12%
Doubs 453 Dampierre-sur-le-Doubs
12%
Haute-Saône 780 Dampierre-sur-Linotte
12%
Haute-Saône 1 242 Dampierre-sur-Salon
12%
Nièvre 5 152 Decize
12%
Saône-et-Loire 7 616 Digoin
12%
Haute-Saône 294 Frasne-le-Château
12%
Haute-Saône 493 Fresne-Saint-Mamès
12%
Côte-d'Or 5 190 Genlis
12%
Saône-et-Loire 3 678 Givry
12%
Yonne 177 Givry
12%
Saône-et-Loire 6 685 Gueugnon
12%
Saône-et-Loire 808 L'Abergement-de-Cuisery
12%
Saône-et-Loire 651 La Vineuse sur Fregande
12%
Doubs 2 287 Levier
12%
Doubs 2 830 L'Isle-sur-le-Doubs
12%
Nièvre 642 Montigny-aux-Amognes
12%
Nièvre 287 Montigny-en-Morvan
12%
Yonne 2 772 Montigny-la-Resle
12%
Jura 235 Montigny-lès-Arsures
12%
Haute-Saône 124 Montigny-lès-Cherlieu
12%
Haute-Saône 637 Montigny-lès-Vesoul
12%
Côte-d'Or 150 Montigny-sur-Armançon
12%
Côte-d'Or 250 Montigny-sur-Aube
12%
Nièvre 154 Montigny-sur-Canne
12%
Jura 207 Montigny-sur-l'Ain
12%
Nièvre 1 384 Moulins-Engilbert
12%
Yonne 106 Moulins-en-Tonnerrois
12%
Yonne 284 Moulins-sur-Ouanne
12%
Jura 529 Port-Lesney
12%
Haute-Saône 2 977 Port-sur-Saône
12%
Doubs 320 Saint-Antoine
12%
Nièvre 9 180 Varennes-Vauzelles
12%
Nièvre 532 Vaux d'Amognes
12%
Saône-et-Loire 72 Vaux-en-Pré
12%
Doubs 638 Vaux-et-Chantegrue
12%
Haute-Saône 77 Vaux-le-Moncelot
12%
Jura 677 Vaux-lès-Saint-Claude
12%
Yonne 448 Vézelay
12%
Côte-d'Or 49 Villiers-en-Morvan
12%
Côte-d'Or 103 Villiers-le-Duc
12%
Nièvre 51 Villiers-le-Sec
12%
Yonne 124 Villiers-les-Hauts
12%
Yonne 475 Villiers-Louis
12%
Nièvre 269 Villiers-sur-Yonne
12%
Yonne 276 Villiers-Vineux
12%
Doubs 1 380 Beure
11%
Saône-et-Loire 186 Bresse-sur-Grosne
11%
Yonne 699 Bussy-en-Othe
11%
Côte-d'Or 77 Bussy-la-Pesle
11%
Nièvre 53 Bussy-la-Pesle
11%
Côte-d'Or 308 Bussy-le-Grand
11%
Yonne 454 Bussy-le-Repos
11%
Doubs 86 By
11%
Jura 122 Champagne-sur-Loue
11%
Côte-d'Or 309 Champagne-sur-Vingeanne
11%
Saône-et-Loire 453 Charette-Varennes
11%
Côte-d'Or 80 Châteauneuf
11%
Saône-et-Loire 93 Châteauneuf
11%
Nièvre 484 Châteauneuf-Val-de-Bargis
11%
Nièvre 83 Châtin
11%
Saône-et-Loire 707 Fleury-la-Montagne
11%
Yonne 1 050 Fleury-la-Vallée
11%
Nièvre 227 Fleury-sur-Loire
11%
Haute-Saône 1 001 Gy
11%
Yonne 450 Gy-l'Évêque
11%
Côte-d'Or 5 311 Marsannay-la-Côte
11%
Côte-d'Or 841 Marsannay-le-Bois
11%
Nièvre 110 Neuilly
11%
Côte-d'Or 3 104 Neuilly-Crimolois
11%
Saône-et-Loire 1 040 Saint-Christophe-en-Bresse
11%
Saône-et-Loire 532 Saint-Christophe-en-Brionnais
11%
Jura 245 Saint-Loup
11%
Nièvre 467 Saint-Loup-des-Bois
11%
Saône-et-Loire 1 207 Saint-Loup-de-Varennes
11%
Yonne 254 Saint-Loup-d'Ordon
11%
Saône-et-Loire 1 644 Saint-Loup-Géanges
11%
Haute-Saône 124 Saint-Loup-Nantouard
11%
Haute-Saône 2 944 Saint-Loup-sur-Semouse
11%
Nièvre 94 Saint-Quentin-sur-Nohain
11%
Côte-d'Or 212 Saint-Romain
11%
Saône-et-Loire 489 Saint-Romain-sous-Gourdon
11%
Saône-et-Loire 83 Saint-Romain-sous-Versigny
11%
Doubs 4 986 Saint-Vit
11%
Jura 2 528 Salins-les-Bains
11%
Saône-et-Loire 2 943 Sennecey-le-Grand
11%
Côte-d'Or 2 068 Sennecey-lès-Dijon
11%
Yonne 497 Sépeaux-Saint-Romain
11%
Doubs 5 724 Valdahon
11%
Nièvre 94 Vitry-Laché
11%
Côte-d'Or 1 377 Arnay-le-Duc
10%
Côte-d'Or 113 Arnay-sous-Vitteaux
10%
Saône-et-Loire 901 Auxy
10%
Doubs 474 Charnay
10%
Saône-et-Loire 188 Charnay-lès-Chalon
10%
Saône-et-Loire 7 925 Charnay-lès-Mâcon
10%
Côte-d'Or 376 Labergement-Foigney
10%
Côte-d'Or 333 Labergement-lès-Auxonne
10%
Côte-d'Or 1 002 Labergement-lès-Seurre
10%
Yonne 401 Migé
10%
Saône-et-Loire 4 992 Montchanin
10%
Jura 2 274 Morbier
10%
Jura 149 Our
10%
Jura 1 511 Perrigny
10%
Yonne 1 260 Perrigny
10%
Côte-d'Or 2 178 Perrigny-lès-Dijon
10%
Yonne 127 Perrigny-sur-Armançon
10%
Côte-d'Or 626 Perrigny-sur-l'Ognon
10%
Saône-et-Loire 134 Perrigny-sur-Loire
10%
Saône-et-Loire 760 Saint-Cyr
10%
Yonne 447 Saint-Cyr-les-Colons
10%
Jura 243 Saint-Cyr-Montmalin
10%
Côte-d'Or 1 144 Til-Châtel
10%
Yonne 1 755 Varennes
10%
Nièvre 918 Varennes-lès-Narcy
10%
Côte-d'Or 1 591 Ahuy
9%
Côte-d'Or 71 Bard-le-Régulier
9%
Côte-d'Or 69 Bard-lès-Époisses
9%
Haute-Saône 135 Bard-lès-Pesmes
9%
Saône-et-Loire 4 684 Bourbon-Lancy
9%
Yonne 1 555 Champs-sur-Yonne
9%
Doubs 100 Corcelle-Mieslot
9%
Doubs 213 Corcelles-Ferrières
9%
Jura 390 Cuisia
9%
Côte-d'Or 201 Dompierre-en-Morvan
9%
Saône-et-Loire 883 Dompierre-les-Ormes
9%
Doubs 299 Dompierre-les-Tilleuls
9%
Saône-et-Loire 82 Dompierre-sous-Sanvignes
9%
Jura 214 Dompierre-sur-Mont
9%
Nièvre 185 Dompierre-sur-Nièvre
9%
Doubs 2 662 École-Valentin
9%
Saône-et-Loire 53 Fontenay
9%
Yonne 140 Fontenay-près-Chablis
9%
Yonne 137 Fontenay-près-Vézelay
9%
Yonne 73 Fontenay-sous-Fouronnes
9%
Doubs 1 941 Frasne
9%
Jura 109 Frasne-les-Meulières
9%
Côte-d'Or 729 Gilly-lès-Cîteaux
9%
Saône-et-Loire 472 Gilly-sur-Loire
9%
Nièvre 4 672 La Charité-sur-Loire
9%
Jura 108 La Chassagne
9%
Doubs 96 La Grange
9%
Saône-et-Loire 279 Le Villars
9%
Côte-d'Or 90 Marcilly-et-Dracy
9%
Doubs 1 395 Métabief
9%
Yonne 7 068 Migennes
9%
Jura 333 Monnet-la-Ville
9%
Côte-d'Or 449 Pommard
9%
Côte-d'Or 453 Saint-Bernard
9%
Yonne 4 220 Saint-Florentin
9%
Doubs 157 Saint-Hilaire
9%
Nièvre 217 Saint-Hilaire-en-Morvan
9%
Saône-et-Loire 2 181 Sancé
9%
Côte-d'Or 2 346 Saulieu
9%
Haute-Saône 1 530 Scey-sur-Saône-et-Saint-Albin
9%
Jura 3 934 Tavaux
9%
Haute-Saône 448 Ternuay-Melay-et-Saint-Hilaire
9%
Côte-d'Or 217 Torcy-et-Pouligny
9%
Saône-et-Loire 1 841 Verdun-Ciel
9%
Côte-d'Or 167 Villars-et-Villenotte
9%
Côte-d'Or 114 Villars-Fontaine
9%
Haute-Saône 185 Villars-le-Pautel
9%
Doubs 458 Villars-lès-Blamont
9%
Territoire de Belfort 178 Villars-le-Sec
9%
Doubs 350 Villars-sous-Dampjoux
9%
Doubs 344 Villars-sous-Écot
9%
Saône-et-Loire 1 099 Vitry-en-Charollais
9%
Saône-et-Loire 418 Vitry-sur-Loire
9%
Yonne 477 Arcy-sur-Cure
8%
Yonne 624 Beaumont
8%
Nièvre 120 Beaumont-la-Ferrière
8%
Nièvre 117 Beaumont-Sardolles
8%
Saône-et-Loire 332 Beaumont-sur-Grosne
8%
Côte-d'Or 200 Beaumont-sur-Vingeanne
8%
Côte-d'Or 711 Bèze
8%
Saône-et-Loire 6 044 Blanzy
8%
Côte-d'Or 1 243 Bligny-lès-Beaune
8%
Côte-d'Or 141 Bligny-le-Sec
8%
Côte-d'Or 815 Bligny-sur-Ouche
8%
Côte-d'Or 35 Charny
8%
Yonne 4 807 Charny-Orée-de-Puisaye
8%
Côte-d'Or 288 Chassagne-Montrachet
8%
Doubs 107 Courcelles
8%
Nièvre 224 Courcelles
8%
Territoire de Belfort 120 Courcelles
8%
Côte-d'Or 130 Courcelles-Frémoy
8%
Côte-d'Or 87 Courcelles-lès-Montbard
8%
Doubs 1 405 Courcelles-lès-Montbéliard
8%
Côte-d'Or 240 Courcelles-lès-Semur
8%
Nièvre 90 Diennes-Aubigny
8%
Saône-et-Loire 1 853 Fontaines
8%
Yonne 464 Fontaines
8%
Jura 454 Fort-du-Plasne
8%
Jura 37 Grange-de-Vaivre
8%
Doubs 1 324 Granges-Narboz
8%
Jura 973 Hauteroche
8%
Yonne 1 151 Joux-la-Ville
8%
Jura 355 La Marre
8%
Haute-Saône 39 La Montagne
8%
Côte-d'Or 147 La Motte-Ternant
8%
Doubs 922 La Rivière-Drugeon
8%
Doubs 175 Lavans-Quingey
8%
Jura 242 Le Pin
8%
Côte-d'Or 205 L'Étang-Vergy
8%
Yonne 660 L'Isle-sur-Serein
8%
Doubs 4 244 Maîche
8%
Haute-Saône 1 525 Marnay
8%
Saône-et-Loire 527 Marnay
8%
Côte-d'Or 756 Montagny-lès-Beaune
8%
Saône-et-Loire 215 Montagny-lès-Buxy
8%
Côte-d'Or 112 Montagny-lès-Seurre
8%
Saône-et-Loire 491 Montagny-près-Louhans
8%
Côte-d'Or 298 Montliot-et-Courcelles
8%
Saône-et-Loire 191 Morey
8%
Côte-d'Or 153 Nogent-lès-Montbard
8%
Haute-Saône 720 Pin
8%
Côte-d'Or 2 535 Plombières-lès-Dijon
8%
Côte-d'Or 378 Puligny-Montrachet
8%
Haute-Saône 2 420 Rioz
8%
Doubs 122 Romain
8%
Jura 212 Romain
8%
Nièvre 1 218 Saint-Amand-en-Puisaye
8%
Yonne 2 812 Saint-Clément
8%
Saône-et-Loire 132 Saint-Clément-sur-Guye
8%
Territoire de Belfort 433 Saint-Dizier-l'Évêque
8%
Doubs 464 Sainte-Colombe
8%
Yonne 185 Sainte-Colombe
8%
Nièvre 137 Sainte-Colombe-des-Bois
8%
Côte-d'Or 56 Sainte-Colombe-en-Auxois
8%
Côte-d'Or 923 Sainte-Colombe-sur-Seine
8%
Saône-et-Loire 278 Saint-Gilles
8%
Saône-et-Loire 1 132 Saint-Symphorien-d'Ancelles
8%
Saône-et-Loire 837 Saint-Symphorien-de-Marmagne
8%
Saône-et-Loire 418 Saint-Symphorien-des-Bois
8%
Côte-d'Or 334 Saint-Symphorien-sur-Saône
8%
Côte-d'Or 915 Sombernon
8%
Saône-et-Loire 2 810 Torcy
8%
Yonne 1 042 Treigny-Perreuse-Sainte-Colombe
8%
Doubs 10 765 Valentigney
8%
Côte-d'Or 211 Vic-de-Chassenay
8%
Côte-d'Or 115 Vic-des-Prés
8%
Côte-d'Or 184 Vic-sous-Thil
8%
Jura 890 Viry
8%
Saône-et-Loire 259 Viry
8%
Yonne 839 Ancy-le-Franc
7%
Yonne 146 Ancy-le-Libre
7%
Nièvre 347 Annay
7%
Yonne 350 Annay-la-Côte
7%
Yonne 201 Annay-sur-Serein
7%
Doubs 936 Arçon
7%
Côte-d'Or 190 Asnières-en-Montagne
7%
Côte-d'Or 1 315 Asnières-lès-Dijon
7%
Yonne 113 Asnières-sous-Bois
7%
Côte-d'Or 535 Aubigny-en-Plaine
7%
Côte-d'Or 167 Aubigny-la-Ronce
7%
Côte-d'Or 157 Aubigny-lès-Sombernon
7%
Haute-Saône 923 Beaujeu-Saint-Vallier-Pierrejux-et-Quitteur
7%
Nièvre 307 Billy-Chevannes
7%
Côte-d'Or 140 Brazey-en-Morvan
7%
Côte-d'Or 2 378 Brazey-en-Plaine
7%
Saône-et-Loire 291 Brion
7%
Yonne 617 Brion
7%
Côte-d'Or 216 Brion-sur-Ource
7%
Côte-d'Or 26 Champagny
7%
Saône-et-Loire 92 Champagny-sous-Uxelles
7%
Nièvre 137 Chevannes-Changy
7%
Jura 1 427 Clairvaux-les-Lacs
7%
Côte-d'Or 68 Colombier
7%
Haute-Saône 435 Colombier
7%
Saône-et-Loire 314 Colombier-en-Brionnais
7%
Saône-et-Loire 1 825 Cuiseaux
7%
Saône-et-Loire 1 588 Cuisery
7%
Saône-et-Loire 374 Cussy-en-Morvan
7%
Côte-d'Or 39 Cussy-la-Colonne
7%
Côte-d'Or 119 Cussy-le-Châtel
7%
Yonne 326 Cussy-les-Forges
7%
Côte-d'Or 1 541 Daix
7%
Nièvre 359 Dun-les-Places
7%
Nièvre 145 Dun-sur-Grandry
7%
Côte-d'Or 769 Époisses
7%
Saône-et-Loire 1 803 Étang-sur-Arroux
7%
Côte-d'Or 748 Fixin
7%
Saône-et-Loire 2 590 Gergy
7%
Yonne 1 690 Gurgy
7%
Côte-d'Or 26 Gurgy-la-Ville
7%
Côte-d'Or 46 Gurgy-le-Château
7%
Jura 5 226 Hauts de Bienne
7%
Yonne 358 Jussy
7%
Côte-d'Or 98 La Chaume
7%
Doubs 1 323 La Cluse-et-Mijoux
7%
Côte-d'Or 1 796 Ladoix-Serrigny
7%
Jura 197 La Ferté
7%
Yonne 536 La Ferté-Loupière
7%
Nièvre 542 La Marche
7%
Jura 289 Le Vernois
7%
Côte-d'Or 1 635 Losne
7%
Nièvre 1 988 Luzy
7%
Jura 215 Marigny
7%
Saône-et-Loire 162 Marigny
7%
Côte-d'Or 326 Marigny-le-Cahouët
7%
Nièvre 277 Marigny-l'Église
7%
Côte-d'Or 218 Marigny-lès-Reullée
7%
Nièvre 191 Marigny-sur-Yonne
7%
Saône-et-Loire 1 231 Mercurey
7%
Côte-d'Or 1 972 Mirebeau-sur-Bèze
7%
Saône-et-Loire 657 Navour-sur-Grosne
7%
Côte-d'Or 1 426 Nolay
7%
Nièvre 340 Nolay
7%
Doubs 2 169 Orchamps-Vennes
7%
Haute-Saône 109 Ouge
7%
Nièvre 599 Ouroux-en-Morvan
7%
Saône-et-Loire 65 Ouroux-sous-le-Bois-Sainte-Marie
7%
Saône-et-Loire 3 102 Ouroux-sur-Saône
7%
Nièvre 152 Poil
7%
Côte-d'Or 145 Rougemont
7%
Doubs 1 021 Rougemont
7%
Territoire de Belfort 1 492 Rougemont-le-Château
7%
Doubs 364 Ruffey-le-Château
7%
Côte-d'Or 739 Ruffey-lès-Beaune
7%
Côte-d'Or 1 340 Ruffey-lès-Echirey
7%
Jura 758 Ruffey-sur-Seille
7%
Nièvre 2 218 Saint-Éloi
7%
Nièvre 189 Saint-Seine
7%
Côte-d'Or 395 Saint-Seine-en-Bâche
7%
Côte-d'Or 368 Saint-Seine-l'Abbaye
7%
Côte-d'Or 383 Saint-Seine-sur-Vingeanne
7%
Nièvre 418 Saint-Sulpice
7%
Haute-Saône 122 Saint-Sulpice
7%
Côte-d'Or 328 Saint-Victor-sur-Ouche
7%
Côte-d'Or 913 Santenay
7%
Côte-d'Or 2 392 Selongey
7%
Jura 188 Serre-les-Moulières
7%
Doubs 1 865 Serre-les-Sapins
7%
Côte-d'Or 1 563 Tart
7%
Côte-d'Or 251 Tart-le-Bas
7%
Yonne 2 569 Toucy
7%
Saône-et-Loire 1 201 Viré
7%
Côte-d'Or 338 Vosne-Romanée
7%
Côte-d'Or 572 Alise-Sainte-Reine
6%
Côte-d'Or 134 Aloxe-Corton
6%
Haute-Saône 664 Amance
6%
Doubs 3 585 Bavans
6%
Côte-d'Or 24 Beaulieu
6%
Nièvre 142 Beaulieu
6%
Doubs 1 224 Blamont
6%
Côte-d'Or 925 Bretenière
6%
Jura 43 Bretenières
6%
Côte-d'Or 905 Bretigny
6%
Doubs 377 Chalèze
6%
Doubs 1 329 Chalezeule
6%
Haute-Saône 1 618 Champlitte
6%
Saône-et-Loire 1 095 Châtenoy-en-Bresse
6%
Saône-et-Loire 6 148 Châtenoy-le-Royal
6%
Côte-d'Or 180 Chaume-et-Courchamp
6%
Côte-d'Or 101 Chaume-lès-Baigneux
6%
Jura 334 Chemin
6%
Côte-d'Or 70 Chemin-d'Aisey
6%
Jura 78 Chêne-Bernard
6%
Jura 39 Chêne-Sec
6%
Saône-et-Loire 2 252 Ciry-le-Noble
6%
Saône-et-Loire 146 Collonge-en-Charollais
6%
Saône-et-Loire 46 Collonge-la-Madeleine
6%
Haute-Saône 477 Colombe-lès-Vesoul
6%
Côte-d'Or 607 Comblanchien
6%
Côte-d'Or 441 Corcelles-les-Arts
6%
Côte-d'Or 811 Corcelles-lès-Cîteaux
6%
Côte-d'Or 632 Corcelles-les-Monts
6%
Saône-et-Loire 1 285 Couches
6%
Yonne 790 Coulanges-la-Vineuse
6%
Nièvre 3 693 Coulanges-lès-Nevers
6%
Yonne 508 Coulanges-sur-Yonne
6%
Jura 679 Crissey
6%
Saône-et-Loire 2 460 Crissey
6%
Doubs 118 Dannemarie
6%
Doubs 1 549 Dannemarie-sur-Crète
6%
Yonne 239 Dracy
6%
Saône-et-Loire 1 458 Dracy-le-Fort
6%
Saône-et-Loire 153 Dracy-lès-Couches
6%
Doubs 1 618 Étalans
6%
Doubs 3 715 Étupes
6%
Doubs 3 245 Exincourt
6%
Côte-d'Or 501 Flagey-Echézeaux
6%
Doubs 128 Flagey-Rigney
6%
Haute-Saône 137 Flagy
6%
Saône-et-Loire 174 Flagy
6%
Doubs 85 Fleurey
6%
Haute-Saône 458 Fleurey-lès-Faverney
6%
Haute-Saône 104 Fleurey-lès-Lavoncourt
6%
Haute-Saône 131 Fleurey-lès-Saint-Loup
6%
Côte-d'Or 1 442 Fleurey-sur-Ouche
6%
Doubs 2 260 Franois
6%
Territoire de Belfort 2 914 Giromagny
6%
Doubs 252 Grosbois
6%
Côte-d'Or 113 Grosbois-en-Montagne
6%
Côte-d'Or 71 Grosbois-lès-Tichey
6%
Côte-d'Or 1 228 Hauteville-lès-Dijon
6%
Haute-Saône 1 542 Jussey
6%
Doubs 70 La Bretenière
6%
Jura 223 La Bretenière
6%
Côte-d'Or 160 La Bussière-sur-Ouche
6%
Jura 66 La Charme
6%
Haute-Saône 526 La Côte
6%
Nièvre 114 La Maison-Dieu
6%
Doubs 35 Laval-le-Prieuré
6%
Saône-et-Loire 629 Le Fay
6%
Doubs 108 Le Puy
6%
Doubs 2 501 Le Russey
6%
Yonne 318 Leugny
6%
Saône-et-Loire 304 L'Hôpital-le-Mercier
6%
Saône-et-Loire 146 Mailly
6%
Yonne 492 Mailly-la-Ville
6%
Yonne 531 Mailly-le-Château
6%
Doubs 1 959 Mamirolle
6%
Saône-et-Loire 129 Marcilly-la-Gueurce
6%
Saône-et-Loire 666 Marcilly-lès-Buxy
6%
Côte-d'Or 188 Marcilly-Ogny
6%
Côte-d'Or 1 713 Marcilly-sur-Tille
6%
Saône-et-Loire 270 Mary
6%
Côte-d'Or 107 Missery
6%
Yonne 271 Moutiers-en-Puisaye
6%
Nièvre 215 Neuville-lès-Decize
6%
Côte-d'Or 73 Noidan
6%
Haute-Saône 58 Noiron
6%
Côte-d'Or 1 150 Noiron-sous-Gevrey
6%
Côte-d'Or 231 Noiron-sur-Bèze
6%
Côte-d'Or 63 Noiron-sur-Seine
6%
Jura 1 105 Orchamps
6%
Saône-et-Loire 308 Paris-l'Hôpital
6%
Doubs 1 909 Pays-de-Montbenoît
6%
Haute-Saône 1 077 Pesmes
6%
Côte-d'Or 1 297 Pontailler-sur-Saône
6%
Yonne 241 Précy-le-Sec
6%
Côte-d'Or 709 Précy-sous-Thil
6%
Yonne 417 Précy-sur-Vrin
6%
Côte-d'Or 42 Rochefort-sur-Brévon
6%
Jura 676 Rochefort-sur-Nenon
6%
Yonne 1 474 Saint-Fargeau
6%
Nièvre 507 Saint-Ouen-sur-Loire
6%
Saône-et-Loire 8 541 Saint-Vallier
6%
Doubs 288 Scey-Maisières
6%
Doubs 3 000 Thise
6%
Saône-et-Loire 1 472 Toulon-sur-Arroux
6%
Jura 1 302 Val-Sonnette
6%
Côte-d'Or 1 777 Velars-sur-Ouche
6%
Haute-Saône 129 Velle-le-Châtel
6%
Doubs 1 703 Vercel-Villedieu-le-Camp
6%
Doubs 54 Vernois-lès-Belvoir
6%
Côte-d'Or 165 Vernois-lès-Vesvres
6%
Haute-Saône 135 Vernois-sur-Mance
6%
Saône-et-Loire 234 Vers
6%
Jura 227 Vers-en-Montagne
6%
Jura 252 Vers-sous-Sellières
6%
Côte-d'Or 1 059 Vitteaux
6%
Côte-d'Or 162 Vougeot
6%
Côte-d'Or 1 467 Aiserey
5%
Doubs 163 Aïssey
5%
Côte-d'Or 219 Aisy-sous-Thil
5%
Yonne 237 Aisy-sur-Armançon
5%
Yonne 3 170 Appoigny
5%
Côte-d'Or 53 Arcey
5%
Doubs 1 484 Arcey
5%
Côte-d'Or 782 Athée
5%
Côte-d'Or 77 Athie
5%
Yonne 132 Athie
5%
Jura 832 Authume
5%
Côte-d'Or 295 Auxey-Duresses
5%
Doubs 2 235 Avanne-Aveney
5%
Saône-et-Loire 1 083 Azé
5%
Doubs 2 010 Bart
5%
Territoire de Belfort 4 627 Bavilliers
5%
Haute-Saône 160 Bay
5%
Jura 1 422 Beaufort-Orbagna
5%
Yonne 68 Beauvilliers
5%
Côte-d'Or 886 Beire-le-Châtel
5%
Côte-d'Or 352 Beire-le-Fort
5%
Yonne 186 Bessy-sur-Cure
5%
Doubs 5 308 Bethoncourt
5%
Saône-et-Loire 869 Bey
5%
Côte-d'Or 69 Billy-lès-Chanceaux
5%
Nièvre 352 Billy-sur-Oisy
5%
Saône-et-Loire 204 Bissy-la-Mâconnaise
5%
Saône-et-Loire 70 Bissy-sous-Uxelles
5%
Saône-et-Loire 83 Bissy-sur-Fley
5%
Jura 1 527 Bletterans
5%
Côte-d'Or 305 Bouze-lès-Beaune
5%
Côte-d'Or 660 Brochon
5%
Doubs 322 Cessey
5%
Côte-d'Or 611 Cessey-sur-Tille
5%
Nièvre 114 Cessy-les-Bois
5%
Côte-d'Or 285 Chambolle-Musigny
5%
Doubs 274 Champagney
5%
Jura 465 Champagney
5%
Haute-Saône 3 700 Champagney
5%
Yonne 2 092 Champigny
5%
Nièvre 610 Charrin
5%
Saône-et-Loire 299 Chassy
5%
Yonne 471 Chassy
5%
Saône-et-Loire 3 688 Chauffailles
5%
Côte-d'Or 166 Chevannes
5%
Yonne 2 153 Chevannes
5%
Côte-d'Or 625 Chorey-les-Beaune
5%
Nièvre 1 363 Corbigny
5%
Côte-d'Or 951 Corgoloin
5%
Côte-d'Or 1 104 Couchey
5%
Côte-d'Or 1 920 Couternon
5%
Jura 634 Crotenay
5%
Côte-d'Or 143 Cussey-les-Forges
5%
Doubs 1 056 Cussey-sur-l'Ognon
5%
Territoire de Belfort 3 573 Danjoutin
5%
Territoire de Belfort 3 316 Essert
5%
Haute-Saône 98 Fahy-lès-Autrey
5%
Côte-d'Or 619 Fauverney
5%
Jura 81 Fay-en-Montagne
5%
Côte-d'Or 1 673 Fénay
5%
Doubs 137 Flagey
5%
Côte-d'Or 191 Flagey-lès-Auxonne
5%
Côte-d'Or 274 Flavigny-sur-Ozerain
5%
Nièvre 4 037 Fourchambault
5%
Côte-d'Or 280 Francheville
5%
Jura 52 Francheville
5%
Jura 271 Gigny
5%
Yonne 82 Gigny
5%
Saône-et-Loire 542 Gigny-sur-Saône
5%
Saône-et-Loire 548 Granges
5%
Haute-Saône 184 Granges-la-Ville
5%
Haute-Saône 381 Granges-le-Bourg
5%
Doubs 3 575 Hérimoncourt
5%
Nièvre 3 183 Imphy
5%
Saône-et-Loire 688 Issy-l'Évêque
5%
Doubs 1 859 Jougne
5%
Yonne 511 Jouy
5%
Saône-et-Loire 1 639 La Clayette
5%
Nièvre 3 220 La Machine
5%
Côte-d'Or 1 359 Lamarche-sur-Saône
5%
Jura 648 Lamoura
5%
Jura 331 Lavans-lès-Dole
5%
Jura 2 327 Lavans-lès-Saint-Claude
5%
Doubs 245 Lavans-Vuillafans
5%
Jura 214 Les Arsures
5%
Doubs 3 109 Les Fins
5%
Doubs 927 Les Hôpitaux-Neufs
5%
Doubs 463 Les Hôpitaux-Vieux
5%
Côte-d'Or 1 220 Longecourt-en-Plaine
5%
Côte-d'Or 55 Longecourt-lès-Culêtre
5%
Yonne 311 Lucy-le-Bois
5%
Yonne 202 Lucy-sur-Cure
5%
Yonne 117 Lucy-sur-Yonne
5%
Saône-et-Loire 855 Lugny
5%
Saône-et-Loire 350 Lugny-lès-Charolles
5%
Côte-d'Or 784 Mâlain
5%
Doubs 855 Malbuisson
5%
Saône-et-Loire 1 723 Marcigny
5%
Côte-d'Or 55 Marcigny-sous-Thil
5%
Saône-et-Loire 85 Marly-sous-Issy
5%
Saône-et-Loire 307 Marly-sur-Arroux
5%
Côte-d'Or 203 Marmagne
5%
Saône-et-Loire 1 256 Marmagne
5%
Côte-d'Or 1 705 Messigny-et-Vantoux
5%
Doubs 2 659 Miserey-Salines
5%
Jura 2 133 Moirans-en-Montagne
5%
Yonne 4 111 Monéteau
5%
Jura 414 Montaigu
5%
Doubs 1 582 Montfaucon
5%
Jura 1 062 Mouchard
5%
Doubs 350 Mouthier-Haute-Pierre
5%
Jura 1 604 Orgelet
5%
Côte-d'Or 1 616 Ouges
5%
Côte-d'Or 414 Pagny-la-Ville
5%
Côte-d'Or 500 Pagny-le-Château
5%
Doubs 2 153 Pirey
5%
Doubs 4 030 Pont-de-Roide-Vermondans
5%
Doubs 832 Pouilley-Français
5%
Doubs 2 102 Pouilley-les-Vignes
5%
Jura 1 201 Prémanon
5%
Côte-d'Or 462 Prenois
5%
Côte-d'Or 200 Quincy-le-Vicomte
5%
Doubs 1 356 Quingey
5%
Nièvre 152 Rémilly
5%
Côte-d'Or 152 Remilly-en-Montagne
5%
Côte-d'Or 899 Remilly-sur-Tille
5%
Haute-Saône 628 Rigny
5%
Saône-et-Loire 623 Rigny-sur-Arroux
5%
Haute-Saône 2 746 Ronchamp
5%
Côte-d'Or 1 155 Rouvres-en-Plaine
5%
Côte-d'Or 87 Rouvres-sous-Meilly
5%
Saône-et-Loire 1 551 Rully
5%
Saône-et-Loire 494 Saint-Bonnet-de-Cray
5%
Saône-et-Loire 762 Saint-Bonnet-de-Joux
5%
Saône-et-Loire 210 Saint-Bonnet-de-Vieille-Vigne
5%
Saône-et-Loire 487 Saint-Bonnet-en-Bresse
5%
Saône-et-Loire 281 Sainte-Cécile
5%
Saône-et-Loire 638 Sainte-Croix-en-Bresse
5%
Saône-et-Loire 530 Sainte-Hélène
5%
Saône-et-Loire 431 Saint-Gervais-en-Vallière
5%
Saône-et-Loire 216 Saint-Gervais-sur-Couches
5%
Doubs 939 Saint-Hippolyte
5%
Jura 432 Saint-Hymetière-sur-Valouse
5%
Nièvre 1 046 Saint-Père
5%
Yonne 291 Saint-Père
5%
Saône-et-Loire 349 Saint-Point
5%
Doubs 301 Saint-Point-Lac
5%
Saône-et-Loire 1 736 Saint-Sernin-du-Bois
5%
Saône-et-Loire 599 Saint-Sernin-du-Plain
5%
Doubs 5 784 Seloncourt
5%
Jura 527 Sirod
5%
Doubs 1 508 Tarcenay-Foucherans
5%
Yonne 40 Thorey
5%
Côte-d'Or 1 050 Thorey-en-Plaine
5%
Côte-d'Or 191 Thorey-sous-Charny
5%
Côte-d'Or 137 Thorey-sur-Ouche
5%
Yonne 195 Thory
5%
Territoire de Belfort 5 251 Valdoie
5%
Côte-d'Or 1 990 Varois-et-Chaignot
5%
Jura 355 Vaudrey
5%
Côte-d'Or 2 811 Venarey-les-Laumes
5%
Jura 604 Villard-Saint-Sauveur
5%
Jura 385 Villards-d'Héria
5%
Haute-Saône 1 419 Villersexel
5%
Côte-d'Or 229 Volnay
5%
Doubs 246 Abbans-Dessous
4%
Doubs 290 Abbans-Dessus
4%
Jura 850 Abergement-la-Ronce
4%
Jura 61 Abergement-le-Grand
4%
Jura 50 Abergement-le-Petit
4%
Jura 53 Abergement-lès-Thésy
4%
Haute-Saône 100 Aisey-et-Richecourt
4%
Côte-d'Or 172 Aisey-sur-Seine
4%
Côte-d'Or 178 Allerey
4%
Saône-et-Loire 800 Allerey-sur-Saône
4%
Nièvre 598 Alligny-en-Morvan
4%
Doubs 719 Amancey
4%
Côte-d'Or 449 Ancey
4%
Territoire de Belfort 1165 Andelnans
4%
Côte-d'Or 987 Arceau
4%
Jura 100 Arsure-Arsurette
4%
Haute-Saône 422 Avrigney-Virey
4%
Côte-d'Or 210 Baigneux-les-Juifs
4%
Côte-d'Or 655 Barges
4%
Haute-Saône 88 Barges
4%
Territoire de Belfort 5 016 Beaucourt
4%
Côte-d'Or 895 Bellefond
4%
Jura 516 Bellefontaine
4%
Côte-d'Or 1 604 Belleneuve
4%
Doubs 70 Belmont
4%
Jura 251 Belmont
4%
Haute-Saône 143 Belmont
4%
Côte-d'Or 124 Bessey-en-Chaume
4%
Côte-d'Or 51 Bessey-la-Cour
4%
Côte-d'Or 686 Bessey-lès-Cîteaux
4%
Doubs 114 Bief
4%
Jura 70 Bief-des-Maisons
4%
Jura 211 Bief-du-Fourg
4%
Côte-d'Or 845 Binges
4%
Côte-d'Or 130 Bissey-la-Côte
4%
Côte-d'Or 73 Bissey-la-Pierre
4%
Saône-et-Loire 334 Bissey-sous-Cruchaud
4%
Côte-d'Or 639 Blaisy-Bas
4%
Côte-d'Or 127 Blaisy-Haut
4%
Jura 99 Blois-sur-Seille
4%
Saône-et-Loire 696 Bragny-sur-Saône
4%
Côte-d'Or 34 Brain
4%
Saône-et-Loire 125 Bray
4%
Côte-d'Or 1 134 Bressey-sur-Tille
4%
Doubs 171 Brey-et-Maison-du-Bois
4%
Côte-d'Or 407 Broin
4%
Territoire de Belfort 264 Buc
4%
Côte-d'Or 134 Bure-les-Templiers
4%
Doubs 624 Byans-sur-Doubs
4%
Côte-d'Or 253 Chailly-sur-Armançon
4%
Saône-et-Loire 2 594 Champforgeuil
4%
Jura 1 456 Champvans
4%
Haute-Saône 175 Champvans
4%
Doubs 318 Champvans-les-Moulins
4%
Jura 226 Chancia
4%
Côte-d'Or 37 Charigny
4%
Haute-Saône 32 Charmes-Saint-Valbert
4%
Côte-d'Or 92 Chassey
4%
Saône-et-Loire 357 Chassey-le-Camp
4%
Haute-Saône 225 Chassey-lès-Montbozon
4%
Haute-Saône 123 Chassey-lès-Scey
4%
Jura 413 Châtenois
4%
Haute-Saône 117 Châtenois
4%
Territoire de Belfort 2 625 Châtenois-les-Forges
4%
Jura 1 563 Chaussin
4%
Jura 1 014 Choisey
4%
Côte-d'Or 124 Civry-en-Montagne
4%
Côte-d'Or 905 Clénay
4%
Côte-d'Or 975 Corpeau
4%
Jura 1 297 Cousance
4%
Saône-et-Loire 3 140 Crêches-sur-Saône
4%
Territoire de Belfort 173 Croix
4%
Doubs 195 Dammartin-les-Templiers
4%
Jura 349 Dammartin-Marpain
4%
Jura 2 621 Damparis
4%
Côte-d'Or 500 Darois
4%
Doubs 1 329 Devecey
4%
Doubs 789 Dommartin
4%
Nièvre 158 Dommartin
4%
Saône-et-Loire 806 Dommartin-lès-Cuiseaux
4%
Nièvre 1 558 Donzy
4%
Saône-et-Loire 161 Donzy-le-Pertuis
4%
Doubs 491 Écot
4%
Côte-d'Or 174 Épernay-sous-Gevrey
4%
Saône-et-Loire 2 145 Épinac
4%
Yonne 391 Évry
4%
Jura 193 Foncine-le-Bas
4%
Jura 1 099 Foncine-le-Haut
4%
Doubs 82 Fontenelle-Montby
4%
Jura 2 272 Foucherans
4%
Doubs 380 Fourg
4%
Territoire de Belfort 237 Frais
4%
Doubs 1 767 Gilley
4%
Territoire de Belfort 2 995 Grandvillars
4%
Territoire de Belfort 331 Grosne
4%
Côte-d'Or 79 Hauteroche
4%
Nièvre 73 Héry
4%
Yonne 1 778 Héry
4%
Côte-d'Or 790 Izier
4%
Yonne 125 Jully
4%
Saône-et-Loire 367 Jully-lès-Buxy
4%
Jura 243 La Barre
4%
Haute-Saône 97 La Barre
4%
Saône-et-Loire 474 La Celle-en-Morvan
4%
Yonne 828 La Celle-Saint-Cyr
4%
Nièvre 795 La Celle-sur-Loire
4%
Nièvre 158 La Celle-sur-Nièvre
4%
Jura 286 Lajoux
4%
Jura 329 La Pesse
4%
Haute-Saône 43 La Rochelle
4%
Côte-d'Or 95 Larrey
4%
Saône-et-Loire 516 La Salle
4%
Haute-Saône 217 La Vaivre
4%
Haute-Saône 166 La Villedieu-en-Fontenette
4%
Saône-et-Loire 3 535 Le Breuil
4%
Doubs 526 Les Fontenelles
4%
Doubs 1 414 Les Fourgs
4%
Jura 98 Les Nans
4%
Doubs 210 Les Villedieu
4%
Territoire de Belfort 243 Leval
4%
Saône-et-Loire 369 Ligny-en-Brionnais
4%
Yonne 1 197 Ligny-le-Châtel
4%
Côte-d'Or 1 163 Longchamp
4%
Doubs 187 Longeville
4%
Doubs 613 Longevilles-Mont-d'Or
4%
Nièvre 1 264 Lormes
4%
Doubs 4 731 Mandeure
4%
Côte-d'Or 65 Marey-lès-Fussey
4%
Côte-d'Or 326 Marey-sur-Tille
4%
Saône-et-Loire 407 Martigny-le-Comte
4%
Nièvre 3 675 Marzy
4%
Haute-Saône 1 662 Mélisey
4%
Yonne 227 Mélisey
4%
Côte-d'Or 159 Monthelie
4%
Jura 3 099 Montmorot
4%
Jura 494 Montrond
4%
Doubs 563 Montrond-le-Château
4%
Saône-et-Loire 136 Mornay
4%
Saône-et-Loire 411 Mouthier-en-Bresse
4%
Doubs 93 Nans
4%
Doubs 171 Nans-sous-Sainte-Anne
4%
Jura 541 Neublans-Abergement
4%
Saône-et-Loire 750 Neuvy-Grandchamp
4%
Yonne 874 Neuvy-Sautour
4%
Nièvre 1 410 Neuvy-sur-Loire
4%
Jura 595 Ney
4%
Yonne 546 Noé
4%
Côte-d'Or 948 Norges-la-Ville
4%
Yonne 588 Noyers
4%
Territoire de Belfort 4 164 Offemont
4%
Doubs 356 Osse
4%
Nièvre 26 Ougny
4%
Saône-et-Loire 306 Oyé
4%
Doubs 720 Oye-et-Pallet
4%
Yonne 837 Parly
4%
Doubs 189 Passavant
4%
Haute-Saône 551 Passavant-la-Rochère
4%
Saône-et-Loire 67 Passy
4%
Yonne 333 Passy
4%
Côte-d'Or 237 Pernand-Vergelesses
4%
Jura 1 093 Petit-Noir
4%
Nièvre 2 374 Pougues-les-Eaux
4%
Nièvre 149 Pouques-Lormes
4%
Côte-d'Or 131 Puits
4%
Côte-d'Or 505 Quincey
4%
Haute-Saône 1 380 Quincey
4%
Haute-Saône 213 Ray-sur-Saône
4%
Doubs 215 Rémondans-Vaivre
4%
Nièvre 135 Saint-Agnan
4%
Saône-et-Loire 696 Saint-Agnan
4%
Yonne 957 Saint-Agnan
4%
Haute-Saône 1 095 Saint-Barthélemy
4%
Yonne 1 024 Saint-Bris-le-Vineux
4%
Doubs 1 422 Sainte-Suzanne
4%
Saône-et-Loire 584 Saint-Gengoux-de-Scissé
4%
Saône-et-Loire 1 053 Saint-Gengoux-le-National
4%
Nièvre 691 Saint-Honoré-les-Bains
4%
Côte-d'Or 519 Saint-Philibert
4%
Saône-et-Loire 206 Saint-Prix
4%
Côte-d'Or 209 Saint-Prix-lès-Arnay
4%
Côte-d'Or 159 Saint-Thibault
4%
Côte-d'Or 1 332 Saint-Usage
4%
Saône-et-Loire 1 153 Saint-Yan
4%
Doubs 232 Saules
4%
Saône-et-Loire 128 Saules
4%
Côte-d'Or 988 Saulon-la-Chapelle
4%
Côte-d'Or 713 Saulon-la-Rue
4%
Haute-Saône 873 Saulx
4%
Côte-d'Or 250 Saulx-le-Duc
4%
Côte-d'Or 137 Senailly
4%
Doubs 139 Silley-Amancey
4%
Côte-d'Or 62 Source-Seine
4%
Saône-et-Loire 490 Sully
4%
Côte-d'Or 84 Ternant
4%
Nièvre 174 Ternant
4%
Saône-et-Loire 128 Thil-sur-Arroux
4%
Côte-d'Or 254 Thury
4%
Yonne 434 Thury
4%
Saône-et-Loire 89 Uchon
4%
Haute-Saône 2 428 Vaivre-et-Montoille
4%
Doubs 2 112 Val-d'Usiers
4%
Haute-Saône 123 Vanne
4%
Nièvre 1 057 Varzy
4%
Haute-Saône 487 Velesmes-Échevanne
4%
Doubs 125 Verne
4%
Côte-d'Or 69 Villedieu
4%
Saône-et-Loire 429 Vincelles
4%
Yonne 908 Vincelles
4%
Doubs 3 130 Voujeaucourt
4%
Doubs 1 090 Abbévillers
3%
Doubs 88 Adam-lès-Passavant
3%
Doubs 105 Adam-lès-Vercel
3%
Côte-d'Or 457 Agencourt
3%
Côte-d'Or 264 Agey
3%
Doubs 464 Aibre
3%
Côte-d'Or 266 Aignay-le-Duc
3%
Doubs 941 Amagney
3%
Haute-Saône 163 Amont-et-Effreney
3%
Côte-d'Or 83 Ampilly-les-Bordes
3%
Côte-d'Or 343 Ampilly-le-Sec
3%
Jura 530 Andelot-en-Montagne
3%
Jura 92 Andelot-Morval
3%
Jura 417 Annoire
3%
Saône-et-Loire 714 Anost
3%
Côte-d'Or 505 Arcenant
3%
Côte-d'Or 222 Arconcey
3%
Côte-d'Or 538 Argilly
3%
Jura 1 112 Arinthod
3%
Nièvre 645 Arleuf
3%
Nièvre 118 Asnan
3%
Doubs 425 Audeux
3%
Doubs 429 Autechaux
3%
Doubs 507 Autechaux-Roide
3%
Haute-Saône 241 Autrey-lès-Cerre
3%
Haute-Saône 387 Autrey-lès-Gray
3%
Haute-Saône 96 Autrey-le-Vay
3%
Jura 361 Avignon-lès-Saint-Claude
3%
Côte-d'Or 188 Avot
3%
Doubs 941 Avoudrey
3%
Doubs 801 Badevel
3%
Côte-d'Or 100 Balot
3%
Doubs 368 Bannans
3%
Côte-d'Or 208 Barbirey-sur-Ouche
3%
Saône-et-Loire 730 Beaurepaire-en-Bresse
3%
Haute-Saône 86 Belfahy
3%
Doubs 92 Belvoir
3%
Territoire de Belfort 1 302 Bessoncourt
3%
Côte-d'Or 251 Billey
3%
Côte-d'Or 128 Blagny-sur-Vingeanne
3%
Côte-d'Or 123 Blanot
3%
Saône-et-Loire 181 Blanot
3%
Côte-d'Or 278 Boncourt-le-Bois
3%
Doubs 20 Bonnal
3%
Doubs 830 Bonnay
3%
Saône-et-Loire 439 Bonnay-Saint-Ythaire
3%
Côte-d'Or 435 Bonnencontre
3%
Doubs 1 060 Bouclans
3%
Nièvre 445 Bouhy
3%
Côte-d'Or 228 Bouilland
3%
Doubs 884 Bourguignon
3%
Haute-Saône 143 Bourguignon-lès-Conflans
3%
Haute-Saône 109 Bourguignon-lès-la-Charité
3%
Haute-Saône 45 Bourguignon-lès-Morey
3%
Territoire de Belfort 1 848 Bourogne
3%
Côte-d'Or 47 Bousselange
3%
Doubs 1 188 Boussières
3%
Doubs 420 Bouverans
3%
Saône-et-Loire 2 350 Branges
3%
Yonne 3 110 Brienon-sur-Armançon
3%
Côte-d'Or 319 Brognon
3%
Saône-et-Loire 749 Broye
3%
Haute-Saône 508 Broye-Aubigney-Montseugny
3%
Haute-Saône 121 Broye-les-Loups-et-Verfontaine
3%
Côte-d'Or 157 Buffon
3%
Doubs 494 Bulle
3%
Côte-d'Or 44 Bussières
3%
Haute-Saône 438 Bussières
3%
Saône-et-Loire 584 Bussières
3%
Yonne 117 Bussières
3%
Doubs 662 Busy
3%
Nièvre 1 685 Cercy-la-Tour
3%
Côte-d'Or 218 Cérilly
3%
Yonne 46 Cérilly
3%
Doubs 1 031 Chaffois
3%
Côte-d'Or 393 Chambœuf
3%
Côte-d'Or 593 Champdôtre
3%
Saône-et-Loire 205 Chardonnay
3%
Jura 55 Charency
3%
Côte-d'Or 123 Charmes
3%
Doubs 2 835 Charquemont
3%
Côte-d'Or 341 Charrey-sur-Saône
3%
Côte-d'Or 137 Charrey-sur-Seine
3%
Jura 1 120 Chassal-Molinges
3%
Jura 140 Château-Chalon
3%
Doubs 109 Châtelblanc
3%
Saône-et-Loire 171 Châtenay
3%
Haute-Saône 66 Châteney
3%
Saône-et-Loire 1 125 Chaudenay
3%
Côte-d'Or 39 Chaudenay-la-Ville
3%
Côte-d'Or 49 Chaudenay-le-Château
3%
Doubs 201 Chay
3%
Côte-d'Or 189 Chazeuil
3%
Nièvre 60 Chazeuil
3%
Yonne 543 Chéu
3%
Jura 607 Chilly-le-Vignoble
3%
Jura 96 Chilly-sur-Salins
3%
Saône-et-Loire 268 Chissey-en-Morvan
3%
Saône-et-Loire 229 Chissey-lès-Mâcon
3%
Jura 314 Chissey-sur-Loue
3%
Côte-d'Or 294 Chivres
3%
Haute-Saône 371 Cirey
3%
Côte-d'Or 186 Cirey-lès-Pontailler
3%
Jura 803 Cize
3%
Côte-d'Or 155 Cléry
3%
Saône-et-Loire 873 Clessé
3%
Côte-d'Or 134 Clomot
3%
Côte-d'Or 1 064 Collonges-et-Premières
3%
Côte-d'Or 95 Collonges-lès-Bévy
3%
Jura 262 Colonne
3%
Côte-d'Or 120 Commarin
3%
Côte-d'Or 433 Corberon
3%
Saône-et-Loire 567 Cormatin
3%
Jura 2 191 Coteaux du Lizon
3%
Jura 927 Courlans
3%
Jura 1 143 Courlaoux
3%
Côte-d'Or 76 Courlon
3%
Yonne 1 177 Courlon-sur-Yonne
3%
Doubs 247 Courtefontaine
3%
Jura 255 Courtefontaine
3%
Doubs 91 Courtetain-et-Salans
3%
Territoire de Belfort 1 938 Cravanche
3%
Côte-d'Or 528 Créancey
3%
Saône-et-Loire 1 135 Curgy
3%
Côte-d'Or 116 Curtil-Saint-Seine
3%
Saône-et-Loire 90 Curtil-sous-Buffières
3%
Saône-et-Loire 133 Curtil-sous-Burnand
3%
Côte-d'Or 141 Curtil-Vergy
3%
Doubs 1 829 Damprichard
3%
Côte-d'Or 338 Darcey
3%
Doubs 1 379 Dasle
3%
Doubs 623 Deluz
3%
Saône-et-Loire 1 782 Demigny
3%
Jura 1 220 Domblans
3%
Jura 280 Doucier
3%
Côte-d'Or 63 Drée
3%
Nièvre 305 Druy-Parigny
3%
Côte-d'Or 51 Duesme
3%
Côte-d'Or 252 Ébaty
3%
Côte-d'Or 776 Échenon
3%
Haute-Saône 3 225 Échenoz-la-Méline
3%
Haute-Saône 289 Échenoz-le-Sec
3%
Saône-et-Loire 1 595 Écuisses
3%
Côte-d'Or 320 Épagny
3%
Jura 122 Esserval-Tartre
3%
Côte-d'Or 284 Essey
3%
Côte-d'Or 76 Étais
3%
Yonne 624 Étais-la-Sauvin
3%
Yonne 389 Étaule
3%
Côte-d'Or 314 Étevaux
3%
Jura 657 Évans
3%
Territoire de Belfort 2 021 Évette-Salbert
3%
Côte-d'Or 280 Fain-lès-Montbard
3%
Saône-et-Loire 801 Farges-lès-Chalon
3%
Saône-et-Loire 220 Farges-lès-Mâcon
3%
Haute-Saône 978 Faverney
3%
Doubs 2 164 Fesches-le-Châtel
3%
Haute-Saône 222 Filain
3%
Côte-d'Or 198 Flacey
3%
Saône-et-Loire 411 Flacey-en-Bresse
3%
Yonne 117 Flacy
3%
Côte-d'Or 215 Flavignerot
3%
Saône-et-Loire 194 Fley
3%
Côte-d'Or 164 Foissy
3%
Yonne 118 Foissy-lès-Vézelay
3%
Yonne 287 Foissy-sur-Vanne
3%
Côte-d'Or 170 Fontenelle
3%
Territoire de Belfort 127 Fontenelle
3%
Yonne 295 Fontenoy
3%
Haute-Saône 3 780 Fougerolles-Saint-Valbert
3%
Nièvre 622 Fours
3%
Saône-et-Loire 1 478 Fragnes-La Loyère
3%
Jura 1 192 Fraisans
3%
Côte-d'Or 501 Franxault
3%
Côte-d'Or 155 Fresnes
3%
Yonne 64 Fresnes
3%
Saône-et-Loire 370 Fuissé
3%
Côte-d'Or 116 Fussey
3%
Nièvre 3 685 Garchizy
3%
Doubs 263 Gellin
3%
Côte-d'Or 923 Gemeaux
3%
Saône-et-Loire 1 394 Génelard
3%
Doubs 680 Gennes
3%
Yonne 521 Germigny
3%
Nièvre 757 Germigny-sur-Loire
3%
Côte-d'Or 105 Gissey-le-Vieil
3%
Côte-d'Or 88 Gissey-sous-Flavigny
3%
Côte-d'Or 354 Gissey-sur-Ouche
3%
Haute-Saône 364 Gouhenans
3%
Saône-et-Loire 897 Gourdon
3%
Doubs 275 Goux-lès-Dambelin
3%
Doubs 60 Goux-sous-Landet
3%
Côte-d'Or 257 Grancey-le-Château-Neuvelle
3%
Côte-d'Or 193 Grancey-sur-Ource
3%
Doubs 5 857 Grand-Charmont
3%
Doubs 1 506 Grand'Combe-Châteleu
3%
Doubs 122 Grand'Combe-des-Bois
3%
Nièvre 2 519 Guérigny
3%
Yonne 724 Guillon-Terre-Plaine
3%
Doubs 856 Guyans-Vennes
3%
Yonne 392 Hauterive
3%
Doubs 1 178 Houtaud
3%
Saône-et-Loire 1 935 Hurigny
3%
Haute-Saône 213 Igny
3%
Yonne 249 Irancy
3%
Côte-d'Or 905 Izeure
3%
Côte-d'Or 184 Jouey
3%
Saône-et-Loire 245 Juif
3%
Saône-et-Loire 237 La Frette
3%
Yonne 183 Lain
3%
Jura 574 La Loye
3%
Saône-et-Loire 933 Lans
3%
Côte-d'Or 511 Lantenay
3%
Côte-d'Or 433 Laperrière-sur-Saône
3%
Territoire de Belfort 279 Larivière
3%
Côte-d'Or 281 La Rochepot
3%
Doubs 225 Le Barboux
3%
Doubs 508 Le Bélieu
3%
Doubs 300 Le Bizot
3%
Jura 170 Le Frasnois
3%
Côte-d'Or 46 Le Meix
3%
Saône-et-Loire 86 Le Planois
3%
Doubs 171 Les Alliés
3%
Doubs 2 510 Les Auxons
3%
Doubs 766 Les Combes
3%
Doubs 790 Les Gras
3%
Côte-d'Or 804 Les Maillys
3%
Yonne 310 Les Ormes
3%
Jura 159 Les Planches-en-Montagne
3%
Jura 88 Les Planches-près-Arbois
3%
Doubs 1 560 Les Premiers Sapins
3%
Saône-et-Loire 547 Lessard-en-Bresse
3%
Saône-et-Loire 658 Lessard-le-National
3%
Jura 568 L' Étoile
3%
Côte-d'Or 342 Levernois
3%
Jura 89 Le Villey
3%
Doubs 592 L'Hôpital-du-Grosbois
3%
Doubs 123 L'Hôpital-Saint-Lieffroy
3%
Côte-d'Or 480 Liernais
3%
Yonne 479 Lixy
3%
Doubs 234 Lods
3%
Doubs 193 Lombard
3%
Jura 214 Lombard
3%
Jura 1 134 Longchaumois
3%
Côte-d'Or 1 143 Longeault-Pluvault
3%
Jura 487 Longwy-sur-le-Doubs
3%
Côte-d'Or 187 Lucenay-le-Duc
3%
Nièvre 966 Lucenay-lès-Aix
3%
Saône-et-Loire 314 Lucenay-l'Évêque
3%
Côte-d'Or 119 Lusigny-sur-Ouche
3%
Haute-Saône 282 Mailleroncourt-Charette
3%
Saône-et-Loire 197 Malay
3%
Yonne 1 578 Malay-le-Grand
3%
Yonne 315 Malay-le-Petit
3%
Côte-d'Or 180 Maligny
3%
Yonne 788 Maligny
3%
Doubs 1 446 Marchaux-Chaudefontaine
3%
Doubs 2 148 Mathay
3%
Saône-et-Loire 1 156 Matour
3%
Côte-d'Or 409 Ménétreux-le-Pitois
3%
Côte-d'Or 804 Merceuil
3%
Yonne 77 Mercy
3%
Yonne 177 Méré
3%
Territoire de Belfort 1 390 Meroux-Moval
3%
Yonne 364 Merry-la-Vallée
3%
Yonne 178 Merry-Sec
3%
Yonne 191 Merry-sur-Yonne
3%
Saône-et-Loire 1 502 Mervans
3%
Jura 853 Messia-sur-Sorne
3%
Nièvre 172 Metz-le-Comte
3%
Jura 846 Mignovillard
3%
Saône-et-Loire 311 Milly-Lamartine
3%
Nièvre 13 Moissy-Moulinot
3%
Jura 506 Molay
3%
Haute-Saône 64 Molay
3%
Yonne 97 Môlay
3%
Nièvre 124 Monceaux-le-Comte
3%
Saône-et-Loire 289 Montceaux-l'Étoile
3%
Saône-et-Loire 31 Montceaux-Ragny
3%
Saône-et-Loire 1 905 Montcenis
3%
Doubs 2 185 Montferrand-le-Château
3%
Doubs 2 209 Montlebon
3%
Yonne 251 Montréal
3%
Territoire de Belfort 1 172 Montreux-Château
3%
Nièvre 514 Montsauche-les-Settons
3%
Territoire de Belfort 1 068 Morvillars
3%
Jura 87 Mournans-Charbonny
3%
Nièvre 528 Moux-en-Morvan
3%
Côte-d'Or 84 Musigny
3%
Côte-d'Or 90 Mussy-la-Fosse
3%
Saône-et-Loire 339 Mussy-sous-Dun
3%
Doubs 1 286 Nancray
3%
Yonne 366 Nitry
3%
Côte-d'Or 202 Nod-sur-Seine
3%
Doubs 456 Noël-Cerneux
3%
Haute-Saône 647 Noidans-le-Ferroux
3%
Haute-Saône 1 976 Noidans-lès-Vesoul
3%
Doubs 1 396 Novillars
3%
Jura 394 Nozeroy
3%
Saône-et-Loire 464 Ormes
3%
Saône-et-Loire 1 226 Oslon
3%
Doubs 958 Osselle-Routelle
3%
Yonne 589 Ouanne
3%
Jura 405 Ougney
3%
Doubs 253 Ougney-Douvot
3%
Saône-et-Loire 1 471 Palinges
3%
Jura 1 004 Parcey
3%
Yonne 4 824 Paron
3%
Côte-d'Or 282 Pasques
3%
Saône-et-Loire 1 557 Perrecy-les-Forges
3%
Haute-Saône 283 Perrouse
3%
Doubs 477 Pierrefontaine-lès-Blamont
3%
Doubs 1 371 Pierrefontaine-les-Varans
3%
Haute-Saône 1 863 Plancher-Bas
3%
Haute-Saône 956 Plancher-les-Mines
3%
Jura 210 Plasne
3%
Côte-d'Or 156 Poiseul-la-Ville-et-Laperrière
3%
Côte-d'Or 568 Poncey-lès-Athée
3%
Côte-d'Or 84 Poncey-sur-l'Ignon
3%
Côte-d'Or 362 Premeaux-Prissey
3%
Nièvre 1 830 Prémery
3%
Saône-et-Loire 1 900 Prissé
3%
Jura 248 Pupillin
3%
Yonne 626 Quarré-les-Tombes
3%
Doubs 132 Rahon
3%
Jura 461 Rahon
3%
Jura 505 Ranchot
3%
Jura 527 Rans
3%
Doubs 108 Rennes-sur-Loue
3%
Côte-d'Or 158 Reulle-Vergy
3%
Saône-et-Loire 2 017 Romanèche-Thorins
3%
Jura 123 Rosay
3%
Haute-Saône 254 Rosey
3%
Saône-et-Loire 160 Rosey
3%
Doubs 1 125 Roulans
3%
Côte-d'Or 490 Rouvray
3%
Yonne 369 Rouvray
3%
Haute-Saône 105 Rupt-sur-Saône
3%
Saône-et-Loire 1 231 Sagy
3%
Saône-et-Loire 1 094 Saint-Berain-sous-Sanvignes
3%
Saône-et-Loire 553 Saint-Bérain-sur-Dheune
3%
Saône-et-Loire 904 Saint-Désert
3%
Côte-d'Or 172 Sainte-Sabine
3%
Nièvre 155 Saint-Firmin
3%
Saône-et-Loire 805 Saint-Firmin
3%
Nièvre 134 Saint-Malo-en-Donziois
3%
Saône-et-Loire 190 Saint-Marcelin-de-Cray
3%
Saône-et-Loire 95 Saint-Privé
3%
Yonne 522 Saint-Privé
3%
Saône-et-Loire 1 256 Saint-Usuge
3%
Yonne 1 771 Saint-Valérien
3%
Yonne 668 Saligny
3%
Saône-et-Loire 4 325 Sanvignes-les-Mines
3%
Yonne 68 Sauvigny-le-Beuréal
3%
Yonne 730 Sauvigny-le-Bois
3%
Nièvre 1 420 Sauvigny-les-Bois
3%
Haute-Saône 209 Selles
3%
Jura 725 Sellières
3%
Yonne 681 Senan
3%
Territoire de Belfort 924 Sermamagny
3%
Territoire de Belfort 703 Sevenans
3%
Haute-Saône 576 Soing-Cubry-Charentenay
3%
Côte-d'Or 502 Soirans
3%
Côte-d'Or 361 Soissons-sur-Nacey
3%
Haute-Saône 352 Sornay
3%
Saône-et-Loire 1 990 Sornay
3%
Doubs 140 Soulce-Cernay
3%
Côte-d'Or 401 Spoy
3%
Saône-et-Loire 194 Taizé
3%
Côte-d'Or 564 Talmay
3%
Nièvre 567 Tannay
3%
Côte-d'Or 307 Thoisy-la-Berchère
3%
Côte-d'Or 216 Thoisy-le-Désert
3%
Côte-d'Or 738 Tillenay
3%
Doubs 1 012 Torpes
3%
Saône-et-Loire 375 Torpes
3%
Côte-d'Or 461 Touillon
3%
Doubs 270 Touillon-et-Loutelet
3%
Territoire de Belfort 1 281 Trévenans
3%
Côte-d'Or 147 Urcy
3%
Côte-d'Or 313 Valforêt
3%
Côte-d'Or 199 Val-Suzon
3%
Nièvre 298 Vandenesse
3%
Côte-d'Or 295 Vandenesse-en-Auxois
3%
Haute-Saône 183 Vantoux-et-Longevelle
3%
Côte-d'Or 691 Varanges
3%
Saône-et-Loire 227 Vauban
3%
Saône-et-Loire 745 Vendenesse-lès-Charolles
3%
Saône-et-Loire 563 Vendenesse-sur-Arroux
3%
Yonne 1 241 Vermenton
3%
Yonne 1 826 Véron
3%
Doubs 2 873 Vieux-Charmont
3%
Nièvre 61 Vignol
3%
Jura 390 Villette-lès-Arbois
3%
Jura 781 Villette-lès-Dole
3%
Côte-d'Or 263 Villey-sur-Tille
3%
Saône-et-Loire 1 369 Virey-le-Grand
3%
Côte-d'Or 100 Vix
3%
Jura 785 Voiteur
3%
Doubs 320 Abbenans
2%
Doubs 88 Accolans
2%
Jura 441 Aiglepierre
2%
Jura 151 Alièze
2%
Doubs 738 Allenjoie
2%
Saône-et-Loire 1 149 Allériot
2%
Doubs 245 Allondans
2%
Saône-et-Loire 249 Aluze
2%
Jura 445 Amange
2%
Doubs 170 Amathay-Vésigneux
2%
Doubs 88 Amondans
2%
Doubs 605 Anteuil
2%
Côte-d'Or 62 Antheuil
2%
Côte-d'Or 90 Antigny-la-Ville
2%
Saône-et-Loire 869 Antully
2%
Saône-et-Loire 432 Anzy-le-Duc
2%
Doubs 384 Appenans
2%
Doubs 898 Arbouans
2%
Yonne 608 Arces-Dilo
2%
Jura 215 Archelange
2%
Jura 115 Ardon
2%
Jura 28 Aresches
2%
Yonne 219 Argenteuil-sur-Armançon
2%
Territoire de Belfort 540 Argiésans
2%
Jura 634 Aromas
2%
Côte-d'Or 66 Arrans
2%
Jura 746 Asnans-Beauvoisin
2%
Yonne 285 Asquins
2%
Côte-d'Or 88 Aubaine
2%
Doubs 251 Aubonne
2%
Jura 267 Audelange
2%
Jura 266 Augea
2%
Jura 182 Augerans
2%
Jura 188 Augisey
2%
Yonne 971 Augy
2%
Jura 466 Aumont
2%
Jura 377 Aumur
2%
Saône-et-Loire 282 Authumes
2%
Côte-d'Or 133 Autricourt
2%
Côte-d'Or 336 Auvillars-sur-Saône
2%
Jura 201 Auxange
2%
Côte-d'Or 79 Auxant
2%
Territoire de Belfort 443 Auxelles-Bas
2%
Territoire de Belfort 284 Auxelles-Haut
2%
Côte-d'Or 37 Avelanges
2%
Doubs 157 Avilley
2%
Côte-d'Or 98 Avosnes
2%
Nièvre 201 Azy-le-Vif
2%
Yonne 193 Bagneaux
2%
Côte-d'Or 159 Bagnot
2%
Jura 319 Balaiseaux
2%
Jura 354 Balanod
2%
Jura 194 Bans
2%
Jura 144 Barésia-sur-l'Ain
2%
Côte-d'Or 43 Barjon
2%
Saône-et-Loire 289 Baron
2%
Jura 176 Barretaine
2%
Doubs 59 Bartherans
2%
Yonne 881 Bassou
2%
Doubs 45 Battenans-les-Mines
2%
Doubs 77 Battenans-Varin
2%
Côte-d'Or 209 Baubigny
2%
Côte-d'Or 87 Baulme-la-Roche
2%
Jura 492 Baverans
2%
Nièvre 171 Bazoches
2%
Côte-d'Or 14 Beaunotte
2%
Saône-et-Loire 104 Beauvernois
2%
Jura 78 Beffia
2%
Côte-d'Or 245 Belan-sur-Ource
2%
Jura 75 Bellecombe
2%
Doubs 621 Belleherbe
2%
Côte-d'Or 67 Bellenod-sur-Seine
2%
Côte-d'Or 215 Bellenot-sous-Pouilly
2%
Saône-et-Loire 294 Bellevesvre
2%
Côte-d'Or 89 Beneuvre
2%
Côte-d'Or 107 Benoisey
2%
Doubs 541 Berche
2%
Jura 406 Bersaillin
2%
Doubs 361 Berthelange
2%
Saône-et-Loire 697 Berzé-la-Ville
2%
Saône-et-Loire 59 Berzé-le-Châtel
2%
Jura 157 Besain
2%
Haute-Saône 118 Betoncourt-lès-Brotte
2%
Haute-Saône 43 Betoncourt-Saint-Pancras
2%
Haute-Saône 26 Betoncourt-sur-Mance
2%
Côte-d'Or 101 Beurey-Bauguay
2%
Côte-d'Or 122 Beurizot
2%
Doubs 267 Beutal
2%
Côte-d'Or 136 Bévy
2%
Côte-d'Or 188 Bézouotte
2%
Jura 417 Biarne
2%
Jura 104 Biefmorin
2%
Jura 47 Billecul
2%
Côte-d'Or 58 Blancey
2%
Doubs 54 Blarians
2%
Yonne 1 151 Bléneau
2%
Doubs 190 Blussans
2%
Jura 177 Blye
2%
Jura 108 Boissia
2%
Doubs 374 Bolandoz
2%
Nièvre 296 Bona
2%
Doubs 479 Bondeval
2%
Jura 250 Bonlieu
2%
Jura 116 Bonnefontaine
2%
Doubs 993 Bonnétage
2%
Doubs 411 Bonnevaux
2%
Jura 179 Bornay
2%
Territoire de Belfort 238 Botans
2%
Côte-d'Or 61 Boudreville
2%
Saône-et-Loire 178 Bouhans
2%
Haute-Saône 238 Bouhans-et-Feurg
2%
Haute-Saône 290 Bouhans-lès-Lure
2%
Haute-Saône 124 Bouhans-lès-Montbozon
2%
Côte-d'Or 47 Bouhey
2%
Côte-d'Or 150 Bouix
2%
Doubs 452 Boujailles
2%
Côte-d'Or 403 Bourberain
2%
Côte-d'Or 106 Boussenois
2%
Côte-d'Or 39 Boussey
2%
Côte-d'Or 126 Boux-sous-Salmaise
2%
Saône-et-Loire 127 Bouzeron
2%
Saône-et-Loire 729 Boyer
2%
Jura 268 Bracon
2%
Doubs 206 Braillans
2%
Jura 172 Brainans
2%
Doubs 182 Branne
2%
Jura 205 Brans
2%
Nièvre 593 Brassy
2%
Côte-d'Or 165 Braux
2%
Doubs 86 Breconchaux
2%
Côte-d'Or 42 Brémur-et-Vaurois
2%
Doubs 72 Brères
2%
Territoire de Belfort 285 Bretagne
2%
Doubs 76 Bretigney
2%
Doubs 120 Bretigney-Notre-Dame
2%
Haute-Saône 616 Breurey-lès-Faverney
2%
Jura 692 Brevans
2%
Côte-d'Or 111 Brianny
2%
Saône-et-Loire 466 Brienne
2%
Jura 202 Briod
2%
Doubs 476 Brognard
2%
Côte-d'Or 194 Broindon
2%
Jura 60 Broissia
2%
Haute-Saône 582 Bucey-lès-Gy
2%
Haute-Saône 139 Bucey-lès-Traves
2%
Doubs 193 Buffard
2%
Doubs 239 Bugny
2%
Côte-d'Or 365 Buncey
2%
Doubs 573 Burgille
2%
Côte-d'Or 48 Busseaut
2%
Côte-d'Or 25 Busserotte-et-Montenaille
2%
Jura 391 Buvilly
2%
Côte-d'Or 33 Buxerolles
2%
Doubs 197 Cendrey
2%
Jura 335 Censeau
2%
Côte-d'Or 177 Censerey
2%
Yonne 971 Cerisiers
2%
Jura 143 Cernans
2%
Doubs 315 Cernay-l'Église
2%
Jura 89 Cerniébaud
2%
Jura 234 Cernon
2%
Jura 390 Cesancey
2%
Yonne 1 106 Cézy
2%
Côte-d'Or 517 Chaignay
2%
Jura 187 Chaînée-des-Coupis
2%
Saône-et-Loire 557 Chaintré
2%
Nièvre 1 517 Challuy
2%
Saône-et-Loire 631 Chalmoux
2%
Côte-d'Or 21 Chambain
2%
Côte-d'Or 398 Chambeire
2%
Côte-d'Or 467 Chamblanc
2%
Jura 424 Chamblay
2%
Doubs 140 Chamesey
2%
Doubs 386 Chamesol
2%
Côte-d'Or 241 Chamesson
2%
Jura 161 Chamole
2%
Jura 442 Champdivers
2%
Côte-d'Or 102 Champ-d'Oiseau
2%
Côte-d'Or 222 Champeau-en-Morvan
2%
Yonne 899 Champignelles
2%
Côte-d'Or 76 Champignolles
2%
Doubs 246 Champlive
2%
Doubs 90 Champoux
2%
Côte-d'Or 36 Champrenault
2%
Côte-d'Or 214 Chanceaux
2%
Saône-et-Loire 529 Chânes
2%
Saône-et-Loire 223 Change
2%
Saône-et-Loire 468 Changy
2%
Côte-d'Or 61 Channay
2%
Nièvre 1 106 Chantenay-Saint-Imbert
2%
Doubs 390 Chantrans
2%
Jura 216 Chapois
2%
Yonne 1 863 Charbuy
2%
Jura 288 Charchilla
2%
Jura 142 Charcier
2%
Doubs 280 Charmauvillers
2%
Doubs 322 Charmoille
2%
Haute-Saône 495 Charmoille
2%
Saône-et-Loire 276 Charmoy
2%
Yonne 1 104 Charmoy
2%
Jura 38 Charnod
2%
Doubs 10 Châteauvieux-les-Fossés
2%
Jura 106 Chatelay
2%
Côte-d'Or 155 Châtellenot
2%
Jura 126 Châtelneuf
2%
Doubs 517 Chaucenne
2%
Côte-d'Or 18 Chaugey
2%
Jura 470 Chaumergy
2%
Nièvre 162 Chaumot
2%
Yonne 697 Chaumot
2%
Jura 109 Chaussenans
2%
Haute-Saône 220 Chavanne
2%
Côte-d'Or 143 Chazilly
2%
Saône-et-Loire 558 Cheilly-lès-Maranges
2%
Haute-Saône 94 Chemilly
2%
Yonne 136 Chemilly-sur-Serein
2%
Yonne 899 Chemilly-sur-Yonne
2%
Saône-et-Loire 370 Chenay-le-Châtel
2%
Doubs 502 Chenecey-Buillon
2%
Yonne 231 Cheney
2%
Saône-et-Loire 202 Chenôves
2%
Yonne 2 265 Cheny
2%
Yonne 1 734 Chéroy
2%
Côte-d'Or 124 Cheuge
2%
Côte-d'Or 37 Chevannay
2%
Nièvre 624 Chevenon
2%
Haute-Saône 36 Chevigney
2%
Doubs 138 Chevigney-lès-Vercel
2%
Doubs 290 Chevigney-sur-l'Ognon
2%
Jura 128 Chevreaux
2%
Territoire de Belfort 1 572 Chèvremont
2%
Jura 296 Chille
2%
Yonne 343 Chitry
2%
Nièvre 221 Chitry-les-Mines
2%
Jura 127 Choux
2%
Doubs 258 Chouzelot
2%
Côte-d'Or 177 Clamerey
2%
Doubs 295 Cléron
2%
Saône-et-Loire 275 Clessy
2%
Jura 77 Clucy
2%
Jura 242 Cogna
2%
Jura 54 Coiserette
2%
Côte-d'Or 520 Combertault
2%
Jura 896 Commenailles
2%
Jura 254 Condamine
2%
Jura 116 Condes
2%
Haute-Saône 586 Conflans-sur-Lanterne
2%
Jura 661 Conliège
2%
Doubs 25 Consolation-Maisonnettes
2%
Jura 57 Conte
2%
Côte-d'Or 365 Corgengoux
2%
Côte-d'Or 216 Cormot-Vauchignon
2%
Jura 215 Cornod
2%
Côte-d'Or 34 Corpoyer-la-Chapelle
2%
Haute-Saône 596 Corre
2%
Côte-d'Or 251 Corrombles
2%
Côte-d'Or 150 Corsaint
2%
Jura 358 Cosges
2%
Côte-d'Or 240 Coulmier-le-Sec
2%
Côte-d'Or 145 Courban
2%
Jura 46 Courbette
2%
Jura 594 Courbouzon
2%
Yonne 910 Courson-les-Carrières
2%
Haute-Saône 59 Courtesoult-et-Gatey
2%
Côte-d'Or 162 Courtivron
2%
Doubs 321 Courvières
2%
Jura 65 Coyrière
2%
Jura 71 Coyron
2%
Jura 526 Cramans
2%
Jura 77 Crans
2%
Côte-d'Or 128 Crécey-sur-Tille
2%
Jura 235 Crenans
2%
Côte-d'Or 320 Crépand
2%
Jura 256 Cressia
2%
Saône-et-Loire 516 Cronat
2%
Doubs 116 Crouzet-Migette
2%
Côte-d'Or 168 Crugey
2%
Yonne 161 Cry
2%
Doubs 99 Cubry
2%
Haute-Saône 184 Cubry-lès-Faverney
2%
Côte-d'Or 182 Cuiserey
2%
Côte-d'Or 107 Culètre
2%
Côte-d'Or 132 Curley
2%
Doubs 285 Cuse-et-Adrisans
2%
Jura 274 Cuvier
2%
Doubs 501 Dambelin
2%
Doubs 738 Dambenois
2%
Saône-et-Loire 549 Damerey
2%
Doubs 167 Dampjoux
2%
Jura 82 Darbonnay
2%
Saône-et-Loire 705 Davayé
2%
Territoire de Belfort 760 Denney
2%
Doubs 716 Désandans
2%
Doubs 339 Déservillers
2%
Jura 481 Desnes
2%
Côte-d'Or 142 Détain-et-Bruant
2%
Côte-d'Or 95 Diancey
2%
Côte-d'Or 378 Diénay
2%
Yonne 1 069 Diges
2%
Jura 363 Digna
2%
Doubs 178 Domprel
2%
Territoire de Belfort 808 Dorans
2%
Nièvre 1 480 Dornes
2%
Jura 104 Doye
2%
Côte-d'Or 200 Drambon
2%
Doubs 613 Dung
2%
Doubs 191 Durnes
2%
Saône-et-Loire 328 Dyo
2%
Côte-d'Or 95 Échalot
2%
Côte-d'Or 141 Échannay
2%
Doubs 163 Échenans
2%
Haute-Saône 566 Échenans-sous-Mont-Vaudois
2%
Côte-d'Or 322 Échevannes
2%
Doubs 87 Échevannes
2%
Côte-d'Or 296 Échevronne
2%
Côte-d'Or 300 Échigey
2%
Jura 379 Éclans-Nenon
2%
Jura 222 Écleux
2%
Côte-d'Or 75 Écutigny
2%
Yonne 1 370 Égriselles-le-Bocage
2%
Côte-d'Or 69 Éguilly
2%
Territoire de Belfort 955 Éloie
2%
Doubs 612 Émagny
2%
Jura 146 Entre-deux-Monts
2%
Doubs 640 Épenoy
2%
Saône-et-Loire 1 634 Épervans
2%
Doubs 607 Épeugney
2%
Jura 583 Équevillon
2%
Côte-d'Or 59 Éringes
2%
Côte-d'Or 666 Esbarres
2%
Yonne 709 Escolives-Sainte-Camille
2%
Côte-d'Or 83 Essarois
2%
Saône-et-Loire 475 Essertenne
2%
Haute-Saône 412 Essertenne-et-Cecey
2%
Côte-d'Or 129 Étalante
2%
Côte-d'Or 348 Étaules
2%
Doubs 324 Éternoz-Vallée-du-Lison
2%
Yonne 758 Étigny
2%
Jura 307 Étival
2%
Côte-d'Or 68 Étormay
2%
Doubs 828 Étouvans
2%
Doubs 288 Étray
2%
Haute-Saône 93 Étrelles-et-la-Montbleuse
2%
Jura 432 Étrepigney
2%
Côte-d'Or 219 Étrochey
2%
Territoire de Belfort 1 401 Étueffont
2%
Doubs 393 Évillers
2%
Doubs 285 Fallerans
2%
Jura 404 Falletans
2%
Haute-Saône 456 Faucogney-et-la-Mer
2%
Côte-d'Or 30 Faverolles-lès-Lucey
2%
Territoire de Belfort 758 Fêche-l'Église
2%
Doubs 169 Ferrières-le-Lac
2%
Doubs 323 Ferrières-les-Bois
2%
Haute-Saône 37 Ferrières-lès-Ray
2%
Haute-Saône 130 Ferrières-lès-Scey
2%
Côte-d'Or 450 Flammerans
2%
Doubs 826 Flangebouche
2%
Saône-et-Loire 512 Fleurville
2%
Nièvre 131 Flez-Cuzy
2%
Côte-d'Or 132 Foncegrive
2%
Côte-d'Or 142 Fontangy
2%
Jura 75 Fontenu
2%
Côte-d'Or 105 Forléans
2%
Doubs 119 Fourcatier-et-Maison-Neuve
2%
Doubs 350 Fournet-Blancheroche
2%
Doubs 735 Fournets-Luisans
2%
Yonne 174 Fouronnes
2%
Côte-d'Or 66 Fraignot-et-Vesvrotte
2%
Doubs 889 Frambouhans
2%
Saône-et-Loire 666 Frangy-en-Bresse
2%
Jura 52 Fraroz
2%
Nièvre 79 Frasnay-Reugny
2%
Jura 380 Frébuans
2%
Côte-d'Or 88 Frénois
2%
Saône-et-Loire 288 Fretterans
2%
Haute-Saône 1 981 Froideconche
2%
Côte-d'Or 162 Frôlois
2%
Jura 159 Frontenay
2%
Haute-Saône 694 Frotey-lès-Lure
2%
Haute-Saône 1 355 Frotey-lès-Vesoul
2%
Doubs 467 Fuans
2%
Jura 360 Gatey
2%
Côte-d'Or 367 Genay
2%
Jura 431 Gendrey
2%
Doubs 1 282 Geneuille
2%
Doubs 122 Geney
2%
Jura 44 Geraise
2%
Côte-d'Or 119 Gergueil
2%
Côte-d'Or 435 Gerland
2%
Jura 75 Germigney
2%
Haute-Saône 144 Germigney
2%
Saône-et-Loire 125 Germolles-sur-Grosne
2%
Jura 178 Geruge
2%
Jura 449 Gevingey
2%
Côte-d'Or 176 Gevrolles
2%
Nièvre 90 Gien-sur-Cure
2%
Jura 230 Gizia
2%
Côte-d'Or 270 Glanon
2%
Doubs 339 Glay
2%
Doubs 185 Glère
2%
Nièvre 88 Glux-en-Glenne
2%
Côte-d'Or 122 Gomméville
2%
Doubs 166 Gondenans-Montby
2%
Doubs 564 Gonsans
2%
Doubs 153 Goumois
2%
Doubs 1 797 Grandfontaine
2%
Doubs 70 Grandfontaine-sur-Creuse
2%
Saône-et-Loire 85 Grandvaux
2%
Jura 132 Gredisans
2%
Côte-d'Or 212 Grenant-lès-Sombernon
2%
Côte-d'Or 144 Grésigny-Sainte-Reine
2%
Côte-d'Or 200 Grignon
2%
Yonne 1 235 Gron
2%
Territoire de Belfort 516 Grosmagny
2%
Jura 389 Grozon
2%
Saône-et-Loire 502 Grury
2%
Doubs 110 Guillon-les-Bains
2%
Doubs 310 Guyans-Durnes
2%
Jura 199 Hautecour
2%
Côte-d'Or 325 Heuilley-sur-Saône
2%
Doubs 195 Hyèvre-Paroisse
2%
Saône-et-Loire 877 Igé
2%
Saône-et-Loire 990 Iguerande
2%
Jura 98 Ivory
2%
Jura 59 Ivrey
2%
Nièvre 68 Jailly
2%
Côte-d'Or 75 Jailly-les-Moulins
2%
Côte-d'Or 308 Jallanges
2%
Saône-et-Loire 485 Jambles
2%
Côte-d'Or 143 Jancigny
2%
Jura 258 Jeurre
2%
Côte-d'Or 52 Jeux-lès-Bard
2%
Territoire de Belfort 1 416 Joncherey
2%
Saône-et-Loire 515 Joncy
2%
Jura 537 Jouhe
2%
Côte-d'Or 72 Jours-lès-Baigneux
2%
Saône-et-Loire 325 Jugy
2%
Côte-d'Or 39 Juilly
2%
Jura 69 La Boissière
2%
Doubs 80 La Bosse
2%
Côte-d'Or 225 Labruyère
2%
Haute-Saône 186 La Bruyère
2%
Côte-d'Or 488 Lacanche
2%
Jura 390 Lac-des-Rouges-Truites
2%
Jura 152 La Châtelaine
2%
Jura 393 La Chaumusse
2%
Doubs 515 La Chenalotte
2%
Doubs 152 La Chevillotte
2%
Côte-d'Or 112 Lacour-d'Arcenay
2%
Saône-et-Loire 701 Lacrost
2%
Jura 47 Ladoye-sur-Seille
2%
Jura 31 La Favière
2%
Jura 39 La Frasnée
2%
Saône-et-Loire 565 La Grande-Verrière
2%
Territoire de Belfort 139 Lagrange
2%
Saône-et-Loire 619 La Guiche
2%
Côte-d'Or 664 Laignes
2%
Doubs 445 Laissey
2%
Saône-et-Loire 981 Laives
2%
Saône-et-Loire 1 091 Laizé
2%
Saône-et-Loire 596 Laizy
2%
Jura 79 La Latette
2%
Côte-d'Or 157 Lamargelle
2%
Haute-Saône 314 La Neuvelle-lès-Lure
2%
Haute-Saône 171 La Neuvelle-lès-Scey
2%
Côte-d'Or 251 Lanthes
2%
Côte-d'Or 103 Lantilly
2%
Jura 193 La Rixouse
2%
Jura 610 Larnaud
2%
Doubs 795 Larnod
2%
Jura 621 Lavancia-Epercy
2%
Yonne 414 Lavau
2%
Jura 392 La Vieille-Loye
2%
Jura 384 Lavigny
2%
Saône-et-Loire 156 Lays-sur-le-Doubs
2%
Côte-d'Or 222 Lechâtelet
2%
Jura 86 Le Chateley
2%
Doubs 61 Le Crouzet
2%
Jura 348 Lect
2%
Jura 1 008 Le Deschaux
2%
Côte-d'Or 41 Le Fête
2%
Jura 191 Le Fied
2%
Doubs 242 Le Luhier
2%
Jura 239 Lemuy
2%
Jura 156 Lent
2%
Jura 268 Le Pasquier
2%
Territoire de Belfort 1 141 Lepuix
2%
Territoire de Belfort 308 Lepuix-Neuf
2%
Saône-et-Loire 619 Le Rousset-Marizy
2%
Côte-d'Or 193 Léry
2%
Saône-et-Loire 84 Les Bordes
2%
Yonne 539 Les Bordes
2%
Jura 310 Les Bouchoux
2%
Doubs 480 Les Bréseux
2%
Jura 88 Les Chalesmes
2%
Jura 206 Leschères
2%
Jura 191 Les Crozets
2%
Doubs 756 Les Écorces
2%
Jura 251 Les Essards-Taignevaux
2%
Côte-d'Or 12 Les Goulles
2%
Doubs 310 Les Grangettes
2%
Jura 349 Les Hays
2%
Jura 160 Les Moussières
2%
Yonne 1 003 Les Vallées de la Vanne
2%
Saône-et-Loire 111 Le Tartre
2%
Côte-d'Or 298 Leuglay
2%
Jura 170 Le Vaudioux
2%
Côte-d'Or 103 Licey-sur-Vingeanne
2%
Doubs 555 Liesle
2%
Yonne 1 354 Lindry
2%
Nièvre 663 Livry
2%
Jura 160 Loisia
2%
Saône-et-Loire 671 Loisy
2%
Jura 58 Longcochon
2%
Haute-Saône 121 Longevelle
2%
Doubs 42 Longevelle-lès-Russey
2%
Doubs 661 Longevelle-sur-Doubs
2%
Doubs 615 Loray
2%
Côte-d'Or 116 Louesme
2%
Jura 171 Loulle
2%
Côte-d'Or 57 Lucey
2%
Nièvre 107 Lys
2%
Côte-d'Or 132 Maconge
2%
Jura 979 Macornay
2%
Côte-d'Or 318 Magnien
2%
Côte-d'Or 82 Maisey-le-Duc
2%
Jura 328 Maisod
2%
Doubs 854 Maisons-du-Bois-Lièvremont
2%
Jura 317 Malange
2%
Doubs 154 Malans
2%
Haute-Saône 134 Malans
2%
Doubs 286 Malpas
2%
Saône-et-Loire 284 Maltat
2%
Côte-d'Or 195 Manlay
2%
Jura 479 Mantry
2%
Côte-d'Or 46 Marcellois
2%
Côte-d'Or 90 Marcenay
2%
Côte-d'Or 155 Marcheseuil
2%
Nièvre 139 Marcy
2%
Jura 110 Marigna-sur-Valouse
2%
Côte-d'Or 597 Marliens
2%
Jura 77 Marnézia
2%
Jura 394 Marnoz
2%
Jura 190 Martigna
2%
Côte-d'Or 60 Martrois
2%
Côte-d'Or 159 Massingy
2%
Côte-d'Or 156 Massingy-lès-Semur
2%
Côte-d'Or 92 Massingy-lès-Vitteaux
2%
Côte-d'Or 177 Mavilly-Mandelot
2%
Côte-d'Or 362 Maxilly-sur-Saône
2%
Jura 336 Maynal
2%
Côte-d'Or 220 Meilly-sur-Rouvres
2%
Saône-et-Loire 956 Melay
2%
Haute-Saône 58 Melin
2%
Saône-et-Loire 1 316 Mellecey
2%
Côte-d'Or 320 Meloisey
2%
Côte-d'Or 12 Menesble
2%
Côte-d'Or 86 Ménessaire
2%
Jura 159 Menétru-le-Vignoble
2%
Jura 60 Menétrux-en-Joux
2%
Jura 316 Menotey
2%
Doubs 159 Mérey-Vieilley
2%
Jura 7 Mérona
2%
Côte-d'Or 254 Mesmont
2%
Jura 574 Mesnay
2%
Jura 175 Mesnois
2%
Côte-d'Or 240 Messanges
2%
Saône-et-Loire 741 Messey-sur-Grosne
2%
Saône-et-Loire 751 Mesvres
2%
Côte-d'Or 448 Meuilley
2%
Côte-d'Or 570 Meursanges
2%
Jura 427 Meussia
2%
Yonne 512 Mézilles
2%
Territoire de Belfort 1 294 Méziré
2%
Jura 170 Mièges
2%
Jura 152 Miéry
2%
Nièvre 439 Millay
2%
Côte-d'Or 405 Millery
2%
Côte-d'Or 319 Mimeure
2%
Côte-d'Or 181 Minot
2%
Jura 128 Moiron
2%
Jura 569 Moissey
2%
Jura 112 Molain
2%
Jura 88 Molamboz
2%
Côte-d'Or 264 Molesme
2%
Côte-d'Or 160 Molinot
2%
Côte-d'Or 237 Moloy
2%
Côte-d'Or 130 Molphey
2%
Jura 123 Monay
2%
Doubs 617 Moncey
2%
Jura 397 Monnières
2%
Jura 111 Montagna-le-Reconduit
2%
Haute-Saône 506 Montagney
2%
Doubs 126 Montagney-Servigney
2%
Jura 490 Montain
2%
Haute-Saône 314 Montarlot-lès-Rioz
2%
Jura 306 Montbarrey
2%
Haute-Saône 539 Montbozon
2%
Jura 147 Montcusel
2%
Doubs 1 427 Montenois
2%
Jura 137 Monteplain
2%
Jura 164 Montfleur
2%
Doubs 487 Montgesoye
2%
Jura 372 Montholier
2%
Yonne 710 Montholon
2%
Jura 232 Montlainsia
2%
Côte-d'Or 193 Montlay-en-Auxois
2%
Côte-d'Or 150 Montmain
2%
Jura 173 Montmirey-la-Ville
2%
Jura 194 Montmirey-le-Château
2%
Saône-et-Loire 186 Montmort
2%
Côte-d'Or 198 Montot
2%
Haute-Saône 134 Montot
2%
Saône-et-Loire 1 103 Montpont-en-Bresse
2%
Jura 83 Montrevel
2%
Saône-et-Loire 584 Moroges
2%
Nièvre 105 Moussy
2%
Jura 174 Mutigney
2%
Doubs 808 Naisey-les-Granges
2%
Jura 526 Nance
2%
Côte-d'Or 166 Nantoux
2%
Nièvre 471 Narcy
2%
Saône-et-Loire 406 Navilly
2%
Côte-d'Or 77 Nesle-et-Massoult
2%
Doubs 168 Neuchâtel-Urtière
2%
Haute-Saône 433 Neuvelle-lès-Cromary
2%
Haute-Saône 223 Neuvelle-lès-la-Charité
2%
Jura 294 Nevy-lès-Dole
2%
Jura 195 Nevy-sur-Seille
2%
Côte-d'Or 109 Nicey
2%
Jura 297 Nogna
2%
Doubs 327 Noirefontaine
2%
Doubs 1 606 Nommay
2%
Côte-d'Or 58 Normier
2%
Territoire de Belfort 304 Novillard
2%
Côte-d'Or 78 Obtrée
2%
Jura 192 Offlanges
2%
Côte-d'Or 42 Oigny
2%
Côte-d'Or 126 Oisilly
2%
Jura 63 Onglières
2%
Jura 70 Onoz
2%
Côte-d'Or 86 Orain
2%
Côte-d'Or 455 Orgeux
2%
Côte-d'Or 52 Origny
2%
Côte-d'Or 172 Orville
2%
Saône-et-Loire 378 Oudry
2%
Doubs 388 Ouhans
2%
Jura 340 Ounans
2%
Jura 341 Pagney
2%
Jura 221 Pagnoz
2%
Côte-d'Or 164 Painblanc
2%
Côte-d'Or 82 Panges
2%
Jura 474 Pannessières
2%
Doubs 119 Paroy
2%
Yonne 162 Paroy-en-Othe
2%
Yonne 289 Paroy-sur-Tholon
2%
Jura 336 Passenans
2%
Jura 154 Patornay
2%
Jura 133 Peintre
2%
Doubs 1 560 Pelousey
2%
Saône-et-Loire 670 Péronne
2%
Territoire de Belfort 1 180 Pérouse
2%
Doubs 138 Péseux
2%
Jura 312 Peseux
2%
Territoire de Belfort 321 Petitmagny
2%
Jura 98 Picarreau
2%
Côte-d'Or 299 Pichanges
2%
Saône-et-Loire 859 Pierreclos
2%
Jura 62 Pillemoine
2%
Jura 208 Pimorin
2%
Doubs 118 Plaimbois-Vennes
2%
Jura 522 Plainoiseau
2%
Jura 104 Plaisia
2%
Côte-d'Or 64 Planay
2%
Jura 62 Plénise
2%
Jura 22 Plénisette
2%
Jura 439 Pleure
2%
Côte-d'Or 418 Pluvet
2%
Jura 334 Poids-de-Fiole
2%
Jura 126 Pointre
2%
Côte-d'Or 53 Poiseul-la-Grange
2%
Côte-d'Or 70 Poiseul-lès-Saulx
2%
Saône-et-Loire 565 Poisson
2%
Côte-d'Or 49 Posanges
2%
Côte-d'Or 558 Pouillenay
2%
Saône-et-Loire 969 Pouilloux
2%
Saône-et-Loire 218 Pourlans
2%
Yonne 1 320 Pourrain
2%
Côte-d'Or 90 Prâlon
2%
Jura 60 Pretin
2%
Jura 282 Publy
2%
Doubs 701 Pugey
2%
Haute-Saône 1 443 Pusey
2%
Haute-Saône 542 Pusy-et-Épenoux
2%
Côte-d'Or 102 Quemigny-sur-Seine
2%
Côte-d'Or 79 Quincerot
2%
Yonne 58 Quincerot
2%
Jura 268 Quintigny
2%
Saône-et-Loire 604 Rancy
2%
Doubs 388 Rang
2%
Saône-et-Loire 369 Ratte
2%
Yonne 719 Ravières
2%
Jura 448 Ravilloles
2%
Côte-d'Or 345 Recey-sur-Ource
2%
Doubs 701 Recologne
2%
Haute-Saône 35 Recologne
2%
Haute-Saône 253 Recologne-lès-Rioz
2%
Jura 345 Relans
2%
Saône-et-Loire 423 Remigny
2%
Côte-d'Or 459 Renève
2%
Jura 241 Revigny
2%
Côte-d'Or 91 Riel-les-Eaux
2%
Jura 84 Rix
2%
Nièvre 155 Rix
2%
Doubs 729 Rochejean
2%
Jura 231 Rogna
2%
Yonne 685 Rogny-les-Sept-Écluses
2%
Jura 203 Romange
2%
Saône-et-Loire 1 721 Romenay
2%
Territoire de Belfort 1 037 Roppe
2%
Jura 139 Rothonay
2%
Territoire de Belfort 973 Rougegoutte
2%
Saône-et-Loire 278 Roussillon-en-Morvan
2%
Nièvre 638 Rouy
2%
Haute-Saône 1 482 Roye
2%
Jura 209 Rye
2%
Jura 89 Saffloz
2%
Côte-d'Or 117 Saffres
2%
Nièvre 370 Saincaize-Meauce
2%
Côte-d'Or 117 Saint-Andeux
2%
Côte-d'Or 55 Saint-Anthot
2%
Jura 260 Saint-Baraing
2%
Nièvre 1 259 Saint-Benin-d'Azy
2%
Nièvre 184 Saint-Benin-des-Bois
2%
Saône-et-Loire 490 Saint-Boil
2%
Haute-Saône 111 Saint-Broing
2%
Côte-d'Or 192 Saint-Broing-les-Moines
2%
Saône-et-Loire 140 Sainte-Foy
2%
Saône-et-Loire 153 Saint-Eugène
2%
Côte-d'Or 209 Saint-Euphrône
2%
Saône-et-Loire 1 207 Saint-Eusèbe
2%
Doubs 267 Saint-Gorgon-Main
2%
Côte-d'Or 36 Saint-Hélier
2%
Saône-et-Loire 763 Saint-Igny-de-Roche
2%
Jura 456 Saint-Lothain
2%
Saône-et-Loire 272 Saint-Mard-de-Vaux
2%
Côte-d'Or 117 Saint-Mesmin
2%
Saône-et-Loire 275 Saint-Micaud
2%
Saône-et-Loire 120 Saint-Nizier-sur-Arroux
2%
Nièvre 141 Saint-Parize-en-Viry
2%
Nièvre 1 225 Saint-Parize-le-Châtel
2%
Nièvre 708 Saint-Saulge
2%
Jura 70 Saint-Thiébaud
2%
Saône-et-Loire 160 Saint-Vérand
2%
Jura 619 Salans
2%
Jura 192 Saligney
2%
Côte-d'Or 207 Salives
2%
Côte-d'Or 133 Salmaise
2%
Saône-et-Loire 873 Salornay-sur-Guye
2%
Côte-d'Or 141 Samerey
2%
Jura 1 171 Sampans
2%
Doubs 70 Samson
2%
Doubs 1 345 Sancey
2%
Jura 280 Santans
2%
Jura 396 Sapois
2%
Saône-et-Loire 1 586 Sassenay
2%
Haute-Saône 773 Saulnot
2%
Côte-d'Or 101 Saussy
2%
Côte-d'Or 79 Savilly
2%
Côte-d'Or 382 Savouges
2%
Côte-d'Or 94 Semezanges
2%
Côte-d'Or 28 Semond
2%
Saône-et-Loire 1 128 Senozan
2%
Jura 800 Septmoncel les Molunes
2%
Jura 231 Sermange
2%
Yonne 244 Sermizelles
2%
Nièvre 1 494 Sermoise-sur-Loire
2%
Yonne 112 Serrigny
2%
Saône-et-Loire 188 Serrigny-en-Bresse
2%
Doubs 204 Servin
2%
Saône-et-Loire 1 263 Sevrey
2%
Saône-et-Loire 1 737 Simandre
2%
Saône-et-Loire 1 184 Simard
2%
Haute-Saône 447 Sorans-lès-Breurey
2%
Jura 175 Soucia
2%
Yonne 1 560 Soucy
2%
Côte-d'Or 158 Soussey-sur-Brionne
2%
Jura 492 Souvans
2%
Saône-et-Loire 263 Suin
2%
Jura 105 Supt
2%
Côte-d'Or 239 Sussey
2%
Jura 191 Syam
2%
Doubs 1 121 Taillecourt
2%
Côte-d'Or 196 Tailly
2%
Côte-d'Or 216 Tanay
2%
Yonne 897 Tanlay
2%
Côte-d'Or 157 Tarsul
2%
Jura 395 Tassenières
2%
Jura 121 Taxenne
2%
Côte-d'Or 92 Thenissey
2%
Jura 383 Thervay
2%
Jura 64 Thésy
2%
Jura 848 Thoirette-Coisia
2%
Jura 38 Thoissia
2%
Yonne 1 395 Thorigny-sur-Oreuse
2%
Saône-et-Loire 430 Thurey
2%
Doubs 117 Thurey-le-Mont
2%
Côte-d'Or 214 Tichey
2%
Jura 215 Toulouse-le-Château
2%
Jura 456 Tourmont
2%
Nièvre 407 Toury-Lurcy
2%
Côte-d'Or 413 Toutry
2%
Saône-et-Loire 1 062 Tramayes
2%
Côte-d'Or 433 Tréclun
2%
Jura 461 Trenal
2%
Doubs 546 Trépot
2%
Côte-d'Or 169 Trochères
2%
Côte-d'Or 594 Trouhans
2%
Côte-d'Or 119 Trugny
2%
Saône-et-Loire 819 Uchizy
2%
Côte-d'Or 53 Uncey-le-Franc
2%
Territoire de Belfort 245 Urcerey
2%
Nièvre 1 742 Urzy
2%
Saône-et-Loire 519 Uxeau
2%
Jura 61 Uxelles
2%
Jura 296 Vadans
2%
Haute-Saône 131 Vadans
2%
Doubs 800 Vaire
2%
Haute-Saône 659 Valay
2%
Jura 318 Val-d'Épy
2%
Jura 189 Valempoulières
2%
Yonne 676 Vallan
2%
Côte-d'Or 252 Val-Mont
2%
Jura 466 Valzin en Petite Montagne
2%
Doubs 814 Vandoncourt
2%
Jura 219 Vannoz
2%
Côte-d'Or 231 Vanvey
2%
Haute-Saône 464 Vellexon-Queutrey-et-Vaudey
2%
Haute-Saône 207 Venère
2%
Doubs 522 Venise
2%
Jura 193 Verges
2%
Yonne 1 510 Vergigny
2%
Saône-et-Loire 255 Vergisson
2%
Jura 115 Véria
2%
Jura 297 Vernantois
2%
Nièvre 283 Verneuil
2%
Côte-d'Or 94 Vernot
2%
Côte-d'Or 396 Véronnes
2%
Côte-d'Or 84 Verrey-sous-Drée
2%
Côte-d'Or 288 Verrey-sous-Salmaise
2%
Doubs 481 Verrières-de-Joux
2%
Jura 95 Vertamboz
2%
Saône-et-Loire 814 Verzé
2%
Jura 184 Vescles
2%
Côte-d'Or 28 Vesvres
2%
Côte-d'Or 214 Veuvey-sur-Ouche
2%
Jura 297 Vevy
2%
Territoire de Belfort 999 Vézelois
2%
Côte-d'Or 504 Vielverge
2%
Côte-d'Or 357 Viévy
2%
Côte-d'Or 938 Vignoles
2%
Côte-d'Or 253 Villaines-en-Duesmois
2%
Côte-d'Or 146 Villaines-les-Prévôtes
2%
Côte-d'Or 398 Villebichot
2%
Côte-d'Or 248 Villecomte
2%
Jura 711 Villevieux
2%
Côte-d'Or 74 Villotte-Saint-Seine
2%
Côte-d'Or 114 Villotte-sur-Ource
2%
Jura 395 Vincent-Froideville
2%
Saône-et-Loire 732 Vinzelles
2%
Côte-d'Or 348 Vonges
2%
Haute-Saône 870 Voray-sur-l'Ognon
2%
Jura 184 Vosbles-Valfin
2%
Doubs 699 Vuillafans
2%
Doubs 658 Vuillecin
2%
Jura 20 Vulvoz
2%
Haute-Saône 344 Abelcourt
1%
Haute-Saône 70 Achey
1%
Nièvre 159 Achun
1%
Haute-Saône 310 Adelans-et-le-Val-de-Bithaine
1%
Yonne 73 Aigremont
1%
Haute-Saône 1 479 Aillevillers-et-Lyaumont
1%
Haute-Saône 148 Ainvelle
1%
Haute-Saône 99 Alaincourt
1%
Nièvre 371 Alluy
1%
Haute-Saône 309 Amage
1%
Saône-et-Loire 190 Amanzé
1%
Nièvre 219 Amazy
1%
Haute-Saône 414 Amblans-et-Velotte
1%
Saône-et-Loire 167 Ameugny
1%
Haute-Saône 267 Amoncourt
1%
Haute-Saône 234 Anchenoncourt-et-Chazel
1%
Haute-Saône 518 Ancier
1%
Haute-Saône 146 Andelarre
1%
Haute-Saône 244 Andelarrot
1%
Yonne 440 Andryes
1%
Yonne 154 Angely
1%
Territoire de Belfort 355 Angeot
1%
Haute-Saône 153 Angirey
1%
Saône-et-Loire 150 Anglure-sous-Dun
1%
Territoire de Belfort 582 Anjoutey
1%
Nièvre 242 Anlezy
1%
Yonne 118 Annéot
1%
Yonne 82 Annoux
1%
Nièvre 167 Anthien
1%
Haute-Saône 435 Apremont
1%
Nièvre 125 Arbourse
1%
Yonne 75 Argentenay
1%
Yonne 769 Armeau
1%
Nièvre 277 Armes
1%
Haute-Saône 238 Arpenans
1%
Nièvre 561 Arquian
1%
Saône-et-Loire 335 Artaix
1%
Nièvre 92 Arthel
1%
Yonne 151 Arthonnay
1%
Nièvre 68 Arzembouy
1%
Nièvre 139 Asnois
1%
Haute-Saône 636 Athesans-Étroitefontaine
1%
Haute-Saône 156 Aulx-lès-Cromary
1%
Nièvre 224 Aunay-en-Bazois
1%
Haute-Saône 258 Autet
1%
Nièvre 42 Authiou
1%
Haute-Saône 314 Authoison
1%
Haute-Saône 375 Autoreille
1%
Territoire de Belfort 276 Autrechêne
1%
Haute-Saône 238 Auvet-et-la-Chapelotte
1%
Nièvre 84 Avrée
1%
Nièvre 245 Avril-sur-Loire
1%
Saône-et-Loire 95 Ballore
1%
Saône-et-Loire 546 Bantanges
1%
Territoire de Belfort 291 Banvillars
1%
Yonne 61 Baon
1%
Saône-et-Loire 140 Barizey
1%
Saône-et-Loire 98 Barnay
1%
Haute-Saône 225 Battrans
1%
Saône-et-Loire 624 Baudemont
1%
Saône-et-Loire 965 Baudrières
1%
Saône-et-Loire 504 Baugy
1%
Yonne 415 Bazarnes
1%
Nièvre 280 Bazolles
1%
Nièvre 162 Béard
1%
Saône-et-Loire 359 Beaubery
1%
Haute-Saône 477 Beaumotte-Aubertans
1%
Haute-Saône 284 Beaumotte-lès-Pin
1%
Yonne 393 Beauvoir
1%
Yonne 453 Beine
1%
Doubs 135 Belfays
1%
Yonne 439 Bellechaume
1%
Haute-Saône 604 Belles-Fontaines
1%
Yonne 518 Béon
1%
Saône-et-Loire 201 Bergesserin
1%
Territoire de Belfort 376 Bermont
1%
Yonne 114 Bernouil
1%
Yonne 75 Béru
1%
Territoire de Belfort 243 Bethonvilliers
1%
Yonne 293 Beugnon
1%
Nièvre 84 Beuvron
1%
Nièvre 268 Biches
1%
Yonne 157 Bierry-les-Belles-Fontaines
1%
Nièvre 306 Bitry
1%
Yonne 98 Blacy
1%
Yonne 101 Blannay
1%
Yonne 284 Bleigny-le-Carreau
1%
Nièvre 185 Blismes
1%
Doubs 82 Blussangeaux
1%
Yonne 339 Boeurs-en-Othe
1%
Haute-Saône 198 Bonboillon
1%
Yonne 890 Bonnard
1%
Haute-Saône 391 Bonnevent-Velloreille
1%
Haute-Saône 221 Borey
1%
Territoire de Belfort 489 Boron
1%
Saône-et-Loire 290 Bosjean
1%
Haute-Saône 508 Bougnon
1%
Haute-Saône 404 Bouligney
1%
Haute-Saône 652 Boulot
1%
Haute-Saône 699 Boult
1%
Saône-et-Loire 349 Bourgvilain
1%
Doubs 190 Bournois
1%
Yonne 436 Branches
1%
Yonne 782 Brannay
1%
Territoire de Belfort 400 Brebotte
1%
Doubs 101 Bremondans
1%
Doubs 289 Bretonvillers
1%
Haute-Saône 646 Breuches
1%
Nièvre 151 Breugnon
1%
Nièvre 240 Brèves
1%
Haute-Saône 631 Brevilliers
1%
Saône-et-Loire 228 Briant
1%
Nièvre 144 Brinay
1%
Nièvre 165 Brinon-sur-Beuvron
1%
Yonne 290 Brosses
1%
Haute-Saône 202 Brotte-lès-Luxeuil
1%
Haute-Saône 72 Brotte-lès-Ray
1%
Saône-et-Loire 980 Bruailles
1%
Haute-Saône 280 Brussey
1%
Saône-et-Loire 274 Buffières
1%
Nièvre 142 Bulcy
1%
Saône-et-Loire 117 Burgy
1%
Saône-et-Loire 122 Burnand
1%
Doubs 49 Burnevillers
1%
Saône-et-Loire 56 Burzy
1%
Yonne 247 Butteaux
1%
Doubs 67 Cademène
1%
Yonne 364 Carisey
1%
Yonne 56 Censy
1%
Saône-et-Loire 264 Céron
1%
Haute-Saône 237 Cerre-lès-Noroy
1%
Saône-et-Loire 145 Cersot
1%
Nièvre 616 Cervon
1%
Yonne 516 Chailley
1%
Nièvre 83 Chalaux
1%
Nièvre 44 Challement
1%
Haute-Saône 1 242 Châlonvillars
1%
Jura 189 Chambéria
1%
Saône-et-Loire 499 Chambilly
1%
Haute-Saône 190 Chambornay-lès-Bellevaux
1%
Haute-Saône 367 Chambornay-lès-Pin
1%
Saône-et-Loire 147 Chamilly
1%
Yonne 98 Chamoux
1%
Saône-et-Loire 470 Champagnat
1%
Yonne 309 Champcevrais
1%
Haute-Saône 825 Champey
1%
Yonne 730 Champlay
1%
Saône-et-Loire 224 Champlecy
1%
Nièvre 325 Champlemy
1%
Nièvre 41 Champlin
1%
Yonne 792 Champlost
1%
Jura 104 Champrougier
1%
Nièvre 743 Champvert
1%
Nièvre 287 Champvoux
1%
Yonne 657 Chamvres
1%
Haute-Saône 195 Chancey
1%
Saône-et-Loire 164 Chapaize
1%
Saône-et-Loire 250 Charbonnat
1%
Saône-et-Loire 323 Charbonnières
1%
Haute-Saône 303 Charcenne
1%
Côte-d'Or 38 Charencey
1%
Yonne 282 Charentenay
1%
Jura 175 Charézier
1%
Haute-Saône 670 Chargey-lès-Gray
1%
Haute-Saône 234 Chargey-lès-Port
1%
Territoire de Belfort 375 Charmois
1%
Saône-et-Loire 332 Charrecey
1%
Nièvre 126 Chasnay
1%
Saône-et-Loire 170 Chasselas
1%
Yonne 298 Chassignelles
1%
Saône-et-Loire 556 Chassigny-sous-Dun
1%
Yonne 133 Chastellux-sur-Cure
1%
Nièvre 1 506 Chaulgnes
1%
Nièvre 200 Chaumard
1%
Haute-Saône 191 Chaumercenne
1%
Territoire de Belfort 138 Chavanatte
1%
Territoire de Belfort 340 Chavannes-les-Grands
1%
Jura 226 Chavéria
1%
Doubs 117 Chazot
1%
Jura 38 Chemenot
1%
Saône-et-Loire 20 Chérizet
1%
Saône-et-Loire 591 Chevagny-les-Chevrières
1%
Saône-et-Loire 53 Chevagny-sur-Guye
1%
Nièvre 120 Chevroches
1%
Jura 34 Chevrotaine
1%
Doubs 136 Chevroz
1%
Yonne 300 Chichée
1%
Yonne 451 Chichery
1%
Nièvre 348 Chiddes
1%
Saône-et-Loire 86 Chiddes
1%
Nièvre 82 Chougny
1%
Nièvre 375 Ciez
1%
Haute-Saône 96 Cintrey
1%
Haute-Saône 788 Citers
1%
Nièvre 53 Cizely
1%
Yonne 158 Collan
1%
Yonne 666 Collemiers
1%
Nièvre 268 Colméry
1%
Haute-Saône 601 Colombine
1%
Haute-Saône 539 Combeaufontaine
1%
Yonne 190 Compigny
1%
Saône-et-Loire 459 Condal
1%
Nièvre 282 Corancy
1%
Haute-Saône 1 251 Corbenay
1%
Doubs 145 Corcondray
1%
Saône-et-Loire 192 Cordesse
1%
Yonne 360 Cornant
1%
Haute-Saône 173 Corravillers
1%
Saône-et-Loire 245 Cortambert
1%
Saône-et-Loire 251 Cortevaix
1%
Nièvre 106 Corvol-d'Embernard
1%
Nièvre 720 Corvol-l'Orgueilleux
1%
Nièvre 673 Cossaye
1%
Doubs 87 Côtebrune
1%
Saône-et-Loire 847 Coublanc
1%
Yonne 217 Coulangeron
1%
Haute-Saône 169 Coulevon
1%
Yonne 136 Coulours
1%
Nièvre 206 Couloutre
1%
Doubs 236 Courchapon
1%
Yonne 566 Courgenay
1%
Yonne 251 Courgis
1%
Doubs 148 Cour-Saint-Maurice
1%
Territoire de Belfort 382 Courtelevant
1%
Yonne 30 Courtoin
1%
Yonne 782 Courtois-sur-Yonne
1%
Yonne 138 Coutarnoux
1%
Yonne 411 Crain
1%
Saône-et-Loire 79 Créot
1%
Haute-Saône 184 Cresancey
1%
Saône-et-Loire 175 Cressy-sur-Somme
1%
Haute-Saône 251 Cromary
1%
Doubs 144 Crosey-le-Grand
1%
Doubs 122 Crosey-le-Petit
1%
Nièvre 398 Crux-la-Ville
1%
Saône-et-Loire 261 Cruzille
1%
Yonne 227 Cruzy-le-Châtel
1%
Doubs 149 Cubrial
1%
Yonne 378 Cudot
1%
Haute-Saône 206 Cugney
1%
Saône-et-Loire 201 Culles-les-Roches
1%
Haute-Saône 233 Cult
1%
Nièvre 124 Cuncy-lès-Varzy
1%
Territoire de Belfort 338 Cunelières
1%
Saône-et-Loire 306 Curbigny
1%
Saône-et-Loire 325 Curdin
1%
Doubs 77 Cusance
1%
Haute-Saône 131 Cuve
1%
Yonne 853 Cuy
1%
Saône-et-Loire 109 Cuzy
1%
Haute-Saône 120 Dampvalley-lès-Colombe
1%
Haute-Saône 43 Dampvalley-Saint-Pancras
1%
Yonne 465 Dannemoine
1%
Haute-Saône 196 Delain
1%
Jura 72 Denezières
1%
Saône-et-Loire 304 Dennevy
1%
Saône-et-Loire 88 Dettey
1%
Yonne 1 266 Deux-Rivières
1%
Nièvre 484 Devay
1%
Saône-et-Loire 317 Devrouze
1%
Saône-et-Loire 170 Dezize-lès-Maranges
1%
Saône-et-Loire 354 Diconne
1%
Nièvre 108 Dirol
1%
Yonne 118 Dissangis
1%
Yonne 905 Dixmont
1%
Yonne 312 Dollot
1%
Yonne 801 Domats
1%
Yonne 397 Domecy-sur-Cure
1%
Yonne 85 Domecy-sur-le-Vault
1%
Nièvre 469 Dornecy
1%
Jura 139 Dournon
1%
Jura 29 Dramelay
1%
Yonne 268 Druyes-les-Belles-Fontaines
1%
Yonne 197 Dyé
1%
Doubs 120 Échay
1%
Jura 82 Écrille
1%
Haute-Saône 151 Écromagny
1%
Haute-Saône 62 Écuelle
1%
Saône-et-Loire 259 Écuelles
1%
Doubs 263 Écurcey
1%
Yonne 450 Égleny
1%
Territoire de Belfort 269 Eguenigue
1%
Nièvre 81 Empury
1%
Nièvre 736 Entrains-sur-Nohain
1%
Doubs 167 Épenouse
1%
Saône-et-Loire 61 Épertully
1%
Yonne 726 Épineau-les-Voves
1%
Yonne 525 Épineuil
1%
Nièvre 233 Epiry
1%
Haute-Saône 246 Errevet
1%
Haute-Saône 446 Esboz-Brest
1%
Yonne 870 Escamps
1%
Doubs 64 Esnans
1%
Yonne 396 Esnon
1%
Haute-Saône 723 Esprels
1%
Yonne 190 Étivey
1%
Haute-Saône 283 Étobon
1%
Doubs 186 Étrabonne
1%
Doubs 209 Étrappe
1%
Saône-et-Loire 476 Étrigny
1%
Haute-Saône 711 Étuz
1%
Doubs 120 Eysson
1%
Nièvre 105 Fâchin
1%
Doubs 98 Faimbe
1%
Côte-d'Or 150 Fain-lès-Moutiers
1%
Territoire de Belfort 586 Faverois
1%
Territoire de Belfort 239 Felon
1%
Doubs 309 Fertans
1%
Nièvre 94 Fertrève
1%
Doubs 160 Fessevillers
1%
Yonne 92 Festigny
1%
Doubs 185 Feule
1%
Nièvre 90 Fléty
1%
Yonne 175 Fleys
1%
Yonne 938 Flogny-la-Chapelle
1%
Territoire de Belfort 449 Florimont
1%
Haute-Saône 200 Fondremand
1%
Jura 205 Fontainebrux
1%
Haute-Saône 130 Fontenois-la-Ville
1%
Haute-Saône 328 Fontenois-lès-Montbozon
1%
Doubs 62 Fontenotte
1%
Yonne 478 Fouchères
1%
Jura 80 Foulenay
1%
Doubs 168 Fourbanne
1%
Yonne 124 Fournaudin
1%
Territoire de Belfort 917 Foussemagne
1%
Haute-Saône 205 Fouvent-Saint-Andoche
1%
Haute-Saône 1 377 Frahier-et-Chatebier
1%
Haute-Saône 180 Framont
1%
Haute-Saône 483 Franchevelle
1%
Doubs 267 Franey
1%
Haute-Saône 704 Fresse
1%
Haute-Saône 746 Fretigney-et-Velloreille
1%
Territoire de Belfort 472 Froidefontaine
1%
Haute-Saône 364 Froideterre
1%
Doubs 80 Froidevaux
1%
Saône-et-Loire 208 Frontenard
1%
Saône-et-Loire 726 Frontenaud
1%
Yonne 129 Fulvy
1%
Nièvre 214 Gâcogne
1%
Nièvre 426 Garchy
1%
Doubs 83 Gémonval
1%
Haute-Saône 245 Genevrey
1%
Jura 74 Genod
1%
Saône-et-Loire 421 Genouilly
1%
Saône-et-Loire 195 Germagny
1%
Doubs 113 Germéfontaine
1%
Nièvre 118 Germenay
1%
Doubs 60 Germondans
1%
Haute-Saône 503 Gevigney-et-Mercey
1%
Doubs 142 Gevresin
1%
Saône-et-Loire 577 Gibles
1%
Jura 137 Gillois
1%
Nièvre 426 Gimouille
1%
Yonne 178 Girolles
1%
Nièvre 188 Giry
1%
Yonne 566 Gisy-les-Nobles
1%
Doubs 199 Glamondans
1%
Yonne 47 Gland
1%
Doubs 80 Gondenans-les-Moulins
1%
Doubs 119 Gouhelans
1%
Nièvre 165 Gouloux
1%
Haute-Saône 213 Grattery
1%
Nièvre 94 Grenois
1%
Saône-et-Loire 28 Grevilly
1%
Yonne 112 Grimault
1%
Côte-d'Or 86 Griselles
1%
Saône-et-Loire 215 Guerfand
1%
Nièvre 227 Guipy
1%
Haute-Saône 445 Haut-du-Them-Château-Lambert
1%
Saône-et-Loire 204 Hautefond
1%
Haute-Saône 258 Hautevelle
1%
Doubs 102 Huanne-Montmartin
1%
Saône-et-Loire 347 Huilly-sur-Seille
1%
Doubs 214 Hyémondans
1%
Haute-Saône 117 Hyet
1%
Saône-et-Loire 529 Igornay
1%
Doubs 260 Indevillers
1%
Nièvre 100 Isenay
1%
Yonne 188 Island
1%
Doubs 239 Issans
1%
Doubs 272 Jallerange
1%
Saône-et-Loire 396 Jalogny
1%
Yonne 443 Jaulges
1%
Yonne 27 Jouancy
1%
Saône-et-Loire 368 Joudes
1%
Saône-et-Loire 444 Jouvençon
1%
Côte-d'Or 49 Juillenay
1%
Yonne 66 Junay
1%
Yonne 229 La Belliole
1%
Saône-et-Loire 93 La Boulaye
1%
Saône-et-Loire 684 La Charmée
1%
Nièvre 164 La Collancelle
1%
Territoire de Belfort 226 Lacollonge
1%
Saône-et-Loire 247 La Comelle
1%
Haute-Saône 110 La Corbière
1%
Haute-Saône 71 La Creuse
1%
Nièvre 627 La Fermeté
1%
Saône-et-Loire 567 La Genête
1%
Yonne 192 Lailly
1%
Yonne 321 Lainsecq
1%
Doubs 411 Laire
1%
Yonne 134 Lalande
1%
Haute-Saône 206 La Lanterne-et-les-Armonts
1%
Saône-et-Loire 364 Lalheue
1%
Haute-Saône 205 La Longine
1%
Territoire de Belfort 44 Lamadeleine-Val-des-Anges
1%
Haute-Saône 307 La Malachère
1%
Nièvre 72 Lamenay-sur-Loire
1%
Doubs 160 Lanans
1%
Doubs 238 Landresse
1%
Nièvre 348 Langeron
1%
Nièvre 273 La Nocle-Maulaix
1%
Doubs 528 Lantenne-Vertière
1%
Haute-Saône 356 Lantenot
1%
Doubs 70 Lanthenans
1%
Nièvre 118 Lanty
1%
Saône-et-Loire 51 La Petite-Verrière
1%
Doubs 317 La Planée
1%
Yonne 145 La Postolle
1%
Saône-et-Loire 175 La Racineuse
1%
Jura 138 Largillay-Marsonnay
1%
Haute-Saône 270 Larians-et-Munans
1%
Nièvre 229 Larochemillay
1%
Haute-Saône 518 La Romaine
1%
Haute-Saône 80 La Rosière
1%
Haute-Saône 61 Larret
1%
Jura 101 Larrivoire
1%
Doubs 245 La Sommette
1%
Yonne 141 Lasson
1%
Saône-et-Loire 212 La Tagnière
1%
Saône-et-Loire 208 La Truchère
1%
Jura 143 Lavangeot
1%
Nièvre 73 Lavault-de-Frétoy
1%
Doubs 566 Lavernay
1%
Doubs 350 Laviron
1%
Haute-Saône 325 Lavoncourt
1%
Territoire de Belfort 413 Lebetain
1%
Doubs 92 L'Écouvotte
1%
Jura 53 Le Larderet
1%
Jura 87 Le Latet
1%
Jura 228 Le Louverot
1%
Doubs 45 Le Mémont
1%
Saône-et-Loire 626 Le Miroir
1%
Doubs 129 Le Moutherot
1%
Saône-et-Loire 83 Le Puley
1%
Haute-Saône 362 Les Aynans
1%
Saône-et-Loire 469 Les Bizots
1%
Yonne 300 Les Clérimois
1%
Jura 118 Les Deux-Fays
1%
Saône-et-Loire 228 Les Guerreaux
1%
Yonne 499 Les Hauts de Forterre
1%
Saône-et-Loire 176 Lesme
1%
Doubs 211 Les Plains-et-Grands-Essarts
1%
Doubs 133 Les Pontets
1%
Jura 55 Les Repôts
1%
Yonne 416 Les Sièges
1%
Doubs 178 Le Vernoy
1%
Yonne 220 Levis
1%
Saône-et-Loire 500 Leynes
1%
Yonne 663 Lézinnes
1%
Yonne 154 Lichères-près-Aigremont
1%
Yonne 42 Lichères-sur-Yonne
1%
Doubs 148 Liebvillers
1%
Côte-d'Or 55 Lignerolles
1%
Yonne 185 Lignorelles
1%
Nièvre 240 Limanton
1%
Nièvre 138 Limon
1%
Doubs 95 Lizine
1%
Haute-Saône 474 Lomont
1%
Doubs 172 Lomont-sur-Crête
1%
Doubs 78 Longechaux
1%
Doubs 164 Longemaison
1%
Saône-et-Loire 155 Longepierre
1%
Yonne 434 Looze
1%
Doubs 727 Lougres
1%
Haute-Saône 459 Loulans-Verchamp
1%
Saône-et-Loire 324 Lournand
1%
Jura 95 Louvatange
1%
Nièvre 273 Lurcy-le-Bourg
1%
Nièvre 608 Luthenay-Uxeloup
1%
Doubs 157 Luxiol
1%
Haute-Saône 808 Luze
1%
Haute-Saône 197 Mailleroncourt-Saint-Pancras
1%
Haute-Saône 623 Mailley-et-Chazelot
1%
Yonne 1 238 Maillot
1%
Haute-Saône 340 Maizières
1%
Doubs 179 Malbrans
1%
Doubs 314 Mancenans
1%
Doubs 187 Mancenans-Lizerne
1%
Saône-et-Loire 387 Mancey
1%
Haute-Saône 449 Mantoche
1%
Côte-d'Or 102 Marandeuil
1%
Yonne 83 Marmeaux
1%
Yonne 847 Marsangy
1%
Saône-et-Loire 137 Martailly-lès-Brancion
1%
Doubs 154 Marvelise
1%
Yonne 343 Massangis
1%
Saône-et-Loire 314 Massilly
1%
Jura 144 Mathenay
1%
Côte-d'Or 68 Mauvilly
1%
Nièvre 145 Maux
1%
Doubs 219 Mazerolles-le-Salin
1%
Saône-et-Loire 374 Mazille
1%
Doubs 280 Médière
1%
Haute-Saône 222 Melincourt
1%
Yonne 37 Menades
1%
Nièvre 100 Menestreau
1%
Saône-et-Loire 409 Ménetreuil
1%
Territoire de Belfort 400 Menoncourt
1%
Nièvre 184 Menou
1%
Doubs 542 Mercey-le-Grand
1%
Haute-Saône 132 Mercey-sur-Saône
1%
Doubs 233 Mésandans
1%
Doubs 338 Meslières
1%
Doubs 70 Mesmay
1%
Nièvre 657 Mesves-sur-Loire
1%
Côte-d'Or 29 Meulson
1%
Nièvre 228 Mhère
1%
Yonne 1 086 Michery
1%
Côte-d'Or 58 Moitron
1%
Yonne 271 Molinons
1%
Haute-Saône 227 Mollans
1%
Yonne 165 Molosmes
1%
Doubs 284 Moncley
1%
Doubs 85 Mondon
1%
Jura 16 Monnetay
1%
Yonne 785 Montacher-Villegardin
1%
Nièvre 119 Montambert
1%
Doubs 120 Montancy
1%
Doubs 372 Montandon
1%
Nièvre 282 Montapas
1%
Nièvre 156 Montaron
1%
Doubs 112 Montbéliardot
1%
Saône-et-Loire 841 Montbellet
1%
Côte-d'Or 208 Montberthault
1%
Territoire de Belfort 403 Montbouton
1%
Haute-Saône 267 Montcey
1%
Saône-et-Loire 255 Montcoy
1%
Haute-Saône 73 Montdoré
1%
Doubs 551 Montécheroux
1%
Nièvre 120 Montenoison
1%
Saône-et-Loire 384 Monthelon
1%
Yonne 579 Montillot
1%
Doubs 27 Montivernage
1%
Saône-et-Loire 204 Montjay
1%
Doubs 23 Montjoie-le-Château
1%
Haute-Saône 120 Montjustin-et-Velotte
1%
Doubs 91 Montmahoux
1%
Côte-d'Or 244 Montmançon
1%
Jura 32 Montmarlon
1%
Saône-et-Loire 379 Montmelard
1%
Côte-d'Or 73 Montmoyen
1%
Côte-d'Or 91 Montoillot
1%
Doubs 925 Montperreux
1%
Saône-et-Loire 768 Montret
1%
Nièvre 253 Montreuillon
1%
Doubs 55 Montussaint
1%
Nièvre 135 Moraches
1%
Saône-et-Loire 50 Morlet
1%
Côte-d'Or 68 Mosson
1%
Haute-Saône 90 Motey-Besuche
1%
Yonne 130 Mouffy
1%
Nièvre 91 Mouron-sur-Yonne
1%
Jura 129 Moutonne
1%
Jura 74 Moutoux
1%
Nièvre 57 Murlin
1%
Nièvre 530 Myennes
1%
Doubs 179 Myon
1%
Yonne 1 325 Nailly
1%
Jura 44 Nancuise
1%
Nièvre 110 Nannay
1%
Haute-Saône 445 Nantilly
1%
Saône-et-Loire 631 Nanton
1%
Doubs 90 Narbief
1%
Haute-Saône 1 596 Navenne
1%
Nièvre 99 Neuffontaines
1%
Haute-Saône 151 Neurey-en-Vaux
1%
Haute-Saône 351 Neurey-lès-la-Demie
1%
Jura 95 Neuvilley
1%
Saône-et-Loire 111 Nochize
1%
Doubs 397 Noironte
1%
Haute-Saône 505 Noroy-le-Bourg
1%
Nièvre 166 Nuars
1%
Haute-Saône 432 Oiselay-et-Grachaux
1%
Nièvre 300 Oisy
1%
Doubs 38 Ollans
1%
Doubs 357 Onans
1%
Nièvre 159 Onlay
1%
Doubs 40 Orgeans-Blanchefontaine
1%
Haute-Saône 38 Oricourt
1%
Haute-Saône 206 Ormoy
1%
Yonne 663 Ormoy
1%
Côte-d'Or 14 Orret
1%
Doubs 174 Orsans
1%
Doubs 56 Orve
1%
Nièvre 148 Ouagne
1%
Nièvre 140 Oudan
1%
Nièvre 62 Oulon
1%
Jura 237 Oussières
1%
Doubs 67 Ouvans
1%
Haute-Saône 364 Oyrières
1%
Saône-et-Loire 218 Ozenay
1%
Saône-et-Loire 384 Ozolles
1%
Yonne 177 Pacy-sur-Armançon
1%
Yonne 304 Pailly
1%
Doubs 65 Palantine
1%
Doubs 142 Palise
1%
Saône-et-Loire 268 Palleau
1%
Nièvre 33 Parigny-la-Rose
1%
Nièvre 967 Parigny-les-Vaux
1%
Yonne 47 Pasilly
1%
Doubs 337 Passonfontaine
1%
Nièvre 291 Pazy
1%
Côte-d'Or 83 Pellerey
1%
Yonne 935 Perceneige
1%
Yonne 248 Percey
1%
Haute-Saône 71 Percey-le-Grand
1%
Saône-et-Loire 556 Perreuil
1%
Nièvre 145 Perroy
1%
Doubs 89 Pessans
1%
Territoire de Belfort 298 Petit-Croix
1%
Doubs 163 Petite-Chaux
1%
Territoire de Belfort 190 Petitefontaine
1%
Territoire de Belfort 435 Phaffans
1%
Yonne 592 Piffonds
1%
Yonne 61 Pimelles
1%
Yonne 81 Pisy
1%
Doubs 197 Placey
1%
Doubs 276 Plaimbois-du-Miroir
1%
Nièvre 305 Planchez
1%
Saône-et-Loire 535 Plottes
1%
Jura 105 Plumont
1%
Yonne 244 Poilly-sur-Serein
1%
Yonne 672 Poilly-sur-Tholon
1%
Côte-d'Or 192 Poinçon-lès-Larrey
1%
Nièvre 328 Poiseux
1%
Haute-Saône 609 Polaincourt-et-Clairefontaine
1%
Haute-Saône 199 Pomoy
1%
Doubs 300 Pompierre-sur-Doubs
1%
Yonne 195 Pontaubert
1%
Yonne 3 333 Pontigny
1%
Saône-et-Loire 278 Pontoux
1%
Côte-d'Or 201 Pothières
1%
Nièvre 473 Pougny
1%
Doubs 845 Pouligney-Lusans
1%
Haute-Saône 144 Poyans
1%
Yonne 181 Prégilbert
1%
Yonne 162 Préhy
1%
Nièvre 207 Préporché
1%
Doubs 476 Présentevillers
1%
Jura 118 Présilly
1%
Saône-et-Loire 102 Pressy-sous-Dondin
1%
Saône-et-Loire 577 Préty
1%
Saône-et-Loire 56 Prizy
1%
Doubs 139 Provenchère
1%
Haute-Saône 242 Provenchère
1%
Yonne 251 Provency
1%
Côte-d'Or 153 Prusly-sur-Ource
1%
Saône-et-Loire 347 Pruzilly
1%
Doubs 33 Puessans
1%
Yonne 485 Quenne
1%
Haute-Saône 252 Quenoche
1%
Haute-Saône 319 Quers
1%
Haute-Saône 844 Raddon-et-Chapendu
1%
Jura 264 Rainans
1%
Doubs 412 Rancenay
1%
Saône-et-Loire 377 Ratenelle
1%
Nièvre 628 Raveau
1%
Doubs 338 Raynans
1%
Haute-Saône 371 Raze
1%
Jura 92 Recanoz
1%
Territoire de Belfort 767 Réchésy
1%
Saône-et-Loire 298 Reclesne
1%
Territoire de Belfort 132 Recouvrance
1%
Doubs 36 Reculfoz
1%
Jura 53 Reithouse
1%
Doubs 446 Remoray-Boujeons
1%
Doubs 45 Renédale
1%
Territoire de Belfort 336 Reppe
1%
Doubs 275 Reugney
1%
Territoire de Belfort 93 Riervescemont
1%
Doubs 378 Rigney
1%
Doubs 111 Rignosot
1%
Doubs 96 Rillans
1%
Yonne 143 Roffey
1%
Doubs 49 Rognon
1%
Côte-d'Or 50 Roilly
1%
Territoire de Belfort 219 Romagny-sous-Rougemont
1%
Doubs 91 Ronchaux
1%
Yonne 89 Ronchères
1%
Doubs 38 Rondefontaine
1%
Doubs 558 Roset-Fluans
1%
Doubs 112 Rosières-sur-Barbèche
1%
Haute-Saône 52 Rosières-sur-Mance
1%
Yonne 1 071 Rosoy
1%
Doubs 80 Rosureux
1%
Jura 153 Rotalier
1%
Jura 116 Rouffange
1%
Doubs 90 Rougemontot
1%
Doubs 77 Rouhe
1%
Yonne 385 Rousson
1%
Saône-et-Loire 131 Royer
1%
Nièvre 86 Ruages
1%
Yonne 72 Rugny
1%
Doubs 357 Rurey
1%
Côte-d'Or 289 Sacquenay
1%
Saône-et-Loire 793 Saillenard
1%
Saône-et-Loire 73 Sailly
1%
Yonne 300 Sainpuits
1%
Saône-et-Loire 543 Saint-Albain
1%
Saône-et-Loire 512 Saint-Ambreuil
1%
Nièvre 601 Saint-Andelain
1%
Nièvre 143 Saint-Bonnot
1%
Yonne 280 Saint-Brancher
1%
Haute-Saône 423 Saint-Bresson
1%
Nièvre 255 Saint-Brisson
1%
Saône-et-Loire 432 Saint-Edmond
1%
Yonne 475 Sainte-Magnance
1%
Saône-et-Loire 312 Saint-Émiland
1%
Yonne 101 Sainte-Pallaye
1%
Saône-et-Loire 147 Sainte-Radegonde
1%
Haute-Saône 23 Sainte-Reine
1%
Yonne 73 Sainte-Vertu
1%
Haute-Saône 80 Saint-Ferjeux
1%
Saône-et-Loire 440 Saint-Forgeot
1%
Nièvre 78 Saint-Franchy
1%
Saône-et-Loire 51 Saint-Huruge
1%
Doubs 185 Saint-Juan
1%
Jura 114 Saint-Lamain
1%
Yonne 177 Saint-Moré
1%
Nièvre 205 Saint-Péreuse
1%
Saône-et-Loire 149 Saint-Racho
1%
Nièvre 181 Saint-Révérien
1%
Yonne 544 Saints-en-Puisaye
1%
Yonne 582 Saint-Sérotin
1%
Saône-et-Loire 257 Saint-Vallerin
1%
Nièvre 361 Saint-Vérain
1%
Saône-et-Loire 345 Saisy
1%
Jura 94 Saizenay
1%
Nièvre 186 Saizy
1%
Saône-et-Loire 140 Sampigny-lès-Maranges
1%
Saône-et-Loire 132 Santilly
1%
Côte-d'Or 57 Santosse
1%
Nièvre 111 Sardy-lès-Épiry
1%
Doubs 192 Sarrageois
1%
Jura 222 Sarrogna
1%
Saône-et-Loire 90 Sarry
1%
Yonne 132 Sarry
1%
Saône-et-Loire 143 Sassangy
1%
Jura 58 Saugeot
1%
Saône-et-Loire 81 Saunières
1%
Côte-d'Or 67 Saussey
1%
Doubs 194 Sauvagney
1%
Côte-d'Or 194 Savoisy
1%
Côte-d'Or 157 Savolles
1%
Nièvre 279 Saxi-Bourdon
1%
Haute-Saône 138 Scye
1%
Doubs 116 Séchin
1%
Côte-d'Or 54 Segrois
1%
Yonne 1 443 Seignelay
1%
Côte-d'Or 167 Seigny
1%
Jura 79 Séligney
1%
Côte-d'Or 125 Semarey
1%
Nièvre 222 Sémelay
1%
Yonne 102 Sementron
1%
Doubs 312 Semondans
1%
Haute-Saône 285 Senargent-Mignafans
1%
Yonne 75 Sennevoy-le-Bas
1%
Yonne 113 Sennevoy-le-Haut
1%
Doubs 378 Septfontaines
1%
Yonne 670 Serbonnes
1%
Saône-et-Loire 102 Sercy
1%
Jura 62 Sergenaux
1%
Jura 52 Sergenon
1%
Yonne 1 248 Sergines
1%
Saône-et-Loire 603 Serley
1%
Nièvre 191 Sermages
1%
Saône-et-Loire 237 Sermesse
1%
Saône-et-Loire 271 Serrières
1%
Haute-Saône 767 Servance-Miellin
1%
Haute-Saône 126 Servigney
1%
Yonne 72 Sery
1%
Haute-Saône 471 Seveux-Motey
1%
Nièvre 171 Sichamps
1%
Saône-et-Loire 106 Sigy-le-Châtel
1%
Doubs 61 Silley-Bléfond
1%
Côte-d'Or 99 Sincey-lès-Rouvray
1%
Saône-et-Loire 176 Sivignon
1%
Saône-et-Loire 577 Sologny
1%
Saône-et-Loire 201 Sommant
1%
Yonne 379 Sommecaise
1%
Jura 71 Songeson
1%
Yonne 371 Sormery
1%
Yonne 308 Sougères-en-Puisaye
1%
Nièvre 585 Sougy-sur-Loire
1%
Côte-d'Or 85 Souhey
1%
Yonne 215 Soumaintrain
1%
Doubs 376 Soye
1%
Yonne 86 Stigny
1%
Territoire de Belfort 432 Suarce
1%
Yonne 532 Subligny
1%
Nièvre 582 Suilly-la-Tour
1%
Nièvre 334 Surgy
1%
Doubs 119 Surmont
1%
Nièvre 71 Taconnay
1%
Yonne 79 Talcy
1%
Doubs 47 Tallans
1%
Doubs 432 Tallenay
1%
Nièvre 39 Talon
1%
Nièvre 158 Tamnay-en-Bazois
1%
Saône-et-Loire 525 Tancon
1%
Yonne 271 Tannerre-en-Puisaye
1%
Saône-et-Loire 509 Tavernay
1%
Nièvre 186 Tazilly
1%
Nièvre 111 Teigny
1%
Côte-d'Or 141 Tellecey
1%
Côte-d'Or 62 Terrefondrée
1%
Nièvre 43 Thaix
1%
Yonne 61 Tharoiseau
1%
Yonne 106 Tharot
1%
Haute-Saône 102 Theuley
1%
Territoire de Belfort 280 Thiancourt
1%
Nièvre 182 Thianges
1%
Yonne 184 Thizy
1%
Côte-d'Or 65 Thoires
1%
Jura 184 Thoiria
1%
Côte-d'Or 55 Thomirey
1%
Doubs 339 Thoraise
1%
Côte-d'Or 102 Thoste
1%
Doubs 209 Thulay
1%
Saône-et-Loire 79 Tintry
1%
Nièvre 163 Tintury
1%
Yonne 112 Tissey
1%
Doubs 113 Tournans
1%
Nièvre 122 Toury-sur-Jour
1%
Saône-et-Loire 187 Toutenant
1%
Nièvre 987 Tracy-sur-Loire
1%
Saône-et-Loire 407 Trambly
1%
Haute-Saône 354 Traves
1%
Haute-Saône 388 Trémoins
1%
Nièvre 134 Tresnay
1%
Doubs 521 Trévillers
1%
Yonne 42 Trichey
1%
Saône-et-Loire 252 Trivy
1%
Nièvre 245 Trois-Vèvres
1%
Yonne 128 Tronchoy
1%
Saône-et-Loire 245 Tronchy
1%
Nièvre 398 Tronsanges
1%
Côte-d'Or 126 Trouhaut
1%
Nièvre 219 Trucy-l'Orgueilleux
1%
Yonne 133 Trucy-sur-Yonne
1%
Côte-d'Or 175 Turcey
1%
Yonne 654 Turny
1%
Doubs 16 Urtière
1%
Doubs 179 Uzelle
1%
Haute-Saône 235 Vaite
1%
Yonne 384 Val-de-Mercy
1%
Doubs 203 Val-de-Roulans
1%
Haute-Saône 237 Vallerois-le-Bois
1%
Haute-Saône 414 Vallerois-Lorioz
1%
Doubs 145 Valleroy
1%
Yonne 1 003 Vallery
1%
Doubs 262 Valonne
1%
Doubs 123 Valoreille
1%
Yonne 564 Valravillon
1%
Côte-d'Or 50 Vannaire
1%
Saône-et-Loire 276 Vareilles
1%
Haute-Saône 191 Vars
1%
Yonne 324 Vassy-sous-Pisy
1%
Nièvre 135 Vauclaix
1%
Doubs 120 Vaucluse
1%
Doubs 79 Vauclusotte
1%
Saône-et-Loire 209 Vaudebarrier
1%
Yonne 65 Vaudeurs
1%
Doubs 79 Vaudrivillers
1%
Doubs 150 Vaufrey
1%
Yonne 451 Vault-de-Lugny
1%
Yonne 265 Vaumort
1%
Territoire de Belfort 195 Vauthiermont
1%
Haute-Saône 616 Vauvillers
1%
Côte-d'Or 53 Veilly
1%
Haute-Saône 377 Velet
1%
Haute-Saône 527 Vellefaux
1%
Doubs 94 Vellerot-lès-Belvoir
1%
Doubs 67 Vellerot-lès-Vercel
1%
Territoire de Belfort 243 Vellescot
1%
Doubs 241 Vellevans
1%
Côte-d'Or 32 Velogny
1%
Yonne 867 Venizy
1%
Doubs 253 Vennans
1%
Doubs 249 Vennes
1%
Yonne 294 Venouse
1%
Yonne 1 747 Venoy
1%
Côte-d'Or 82 Verdonnet
1%
Doubs 117 Vergranne
1%
Saône-et-Loire 58 Vérissey
1%
Saône-et-Loire 510 Verjux
1%
Yonne 409 Verlin
1%
Doubs 483 Vernierfontaine
1%
Yonne 239 Vernoy
1%
Saône-et-Loire 438 Verosvres
1%
Saône-et-Loire 192 Versaugues
1%
Côte-d'Or 50 Vertault
1%
Territoire de Belfort 712 Vescemont
1%
Territoire de Belfort 668 Vétrigne
1%
Côte-d'Or 199 Veuxhaulles-sur-Aube
1%
Yonne 52 Vézannes
1%
Yonne 157 Vézinnes
1%
Côte-d'Or 38 Vianges
1%
Doubs 675 Vieilley
1%
Côte-d'Or 134 Vieilmoulin
1%
Nièvre 176 Vielmanay
1%
Côte-d'Or 86 Vieux-Château
1%
Côte-d'Or 271 Viévigne
1%
Nièvre 410 Villapourçon
1%
Côte-d'Or 137 Villargoix
1%
Côte-d'Or 91 Villeberny
1%
Yonne 1 790 Villeblevin
1%
Yonne 632 Villebougis
1%
Yonne 252 Villechétive
1%
Yonne 1 109 Villefargeau
1%
Côte-d'Or 24 Villeferry
1%
Saône-et-Loire 223 Villegaudin
1%
Yonne 310 Villeperrot
1%
Yonne 386 Villeroy
1%
Jura 38 Villerserine
1%
Yonne 800 Villethierry
1%
Yonne 417 Villevallier
1%
Yonne 108 Villon
1%
Yonne 284 Vincelottes
1%
Saône-et-Loire 251 Vindecy
1%
Yonne 1 583 Vinneuf
1%
Yonne 102 Vireaux
1%
Côte-d'Or 179 Viserny
1%
Jura 273 Vitreux
1%
Haute-Saône 293 Vitrey-sur-Mance
1%
Yonne 105 Viviers
1%
Doubs 196 Voillans
1%
Doubs 77 Voires
1%
Yonne 514 Voisines
1%
Saône-et-Loire 644 Volesvres
1%
Doubs 581 Vorges-les-Pins
1%
Côte-d'Or 192 Voudenay
1%
Côte-d'Or 270 Voulaines-les-Templiers
1%
Yonne 202 Voutenay-sur-Cure
1%
Jura 162 Vriange
1%
Haute-Saône 424 Vyans-le-Val
1%
Doubs 185 Vyt-lès-Belvoir
1%
Yonne 149 Yrouerre
1%
Haute-Saône 214 Aboncourt-Gesincourt
0%
Haute-Saône 128 Aillevans
0%
Haute-Saône 306 Ailloncourt
0%
Haute-Saône 67 Ambiévillers
0%
Haute-Saône 183 Andornay
0%
Haute-Saône 140 Anjeux
0%
Haute-Saône 241 Arbecey
0%
Haute-Saône 71 Argillières
0%
Haute-Saône 143 Aroz
0%
Haute-Saône 45 Arsans
0%
Haute-Saône 45 Attricourt
0%
Haute-Saône 173 Augicourt
0%
Haute-Saône 100 Baignes
0%
Haute-Saône 118 Bassigney
0%
Haute-Saône 488 Baudoncourt
0%
Haute-Saône 319 Baulay
0%
Haute-Saône 210 Belonchamp
0%
Haute-Saône 140 Belverne
0%
Haute-Saône 75 Besnans
0%
Haute-Saône 181 Betaucourt
0%
Haute-Saône 86 Beveuge
0%
Haute-Saône 239 Blondefontaine
0%
Yonne 22 Bois-d'Arcy
0%
Haute-Saône 94 Bougey
0%
Haute-Saône 76 Bourbévelle
0%
Haute-Saône 61 Boursières
0%
Haute-Saône 46 Bousseraucourt
0%
Haute-Saône 179 Bresilley
0%
Haute-Saône 302 Breuchotte
0%
Haute-Saône 243 Briaucourt
0%
Haute-Saône 124 Buffignécourt
0%
Haute-Saône 317 Buthiers
0%
Haute-Saône 272 Calmoutier
0%
Haute-Saône 170 Cemboing
0%
Haute-Saône 133 Cenans
0%
Haute-Saône 203 Cendrecourt
0%
Haute-Saône 612 Chagey
0%
Nièvre 52 Champallement
0%
Haute-Saône 84 Champtonnay
0%
Haute-Saône 107 Chantes
0%
Haute-Saône 212 Chariez
0%
Haute-Saône 119 Chauvirey-le-Châtel
0%
Haute-Saône 30 Chauvirey-le-Vieil
0%
Haute-Saône 697 Chenebier
0%
Haute-Saône 330 Chenevrey-et-Morogne
0%
Haute-Saône 112 Citey
0%
Haute-Saône 349 Clairegoutte
0%
Haute-Saône 104 Clans
0%
Haute-Saône 95 Cognières
0%
Haute-Saône 311 Coisevaux
0%
Haute-Saône 74 Colombotte
0%
Haute-Saône 147 Comberjon
0%
Haute-Saône 353 Conflandey
0%
Haute-Saône 222 Confracourt
0%
Haute-Saône 116 Contréglise
0%
Haute-Saône 143 Cordonnet
0%
Haute-Saône 133 Cornot
0%
Haute-Saône 137 Courcuire
0%
Haute-Saône 127 Courmont
0%
Haute-Saône 718 Couthenans
0%
Haute-Saône 51 Creveney
0%
Haute-Saône 274 Dambenoît-lès-Colombe
0%
Haute-Saône 266 Demangevelle
0%
Haute-Saône 149 Denèvre
0%
Haute-Saône 200 Échavanne
0%
Haute-Saône 218 Éhuns
0%
Haute-Saône 121 Équevilley
0%
Haute-Saône 98 Esmoulières
0%
Haute-Saône 130 Esmoulins
0%
Haute-Saône 309 Fallon
0%
Haute-Saône 258 Faymont
0%
Haute-Saône 95 Fédry
0%
Haute-Saône 117 Fouchécourt
0%
Haute-Saône 117 Francalmont
0%
Haute-Saône 101 Francourt
0%
Haute-Saône 154 Genevreuille
0%
Haute-Saône 213 Gézier-et-Fontenelay
0%
Haute-Saône 33 Girefontaine
0%
Haute-Saône 175 Gourgeon
0%
Haute-Saône 68 Grammont
0%
Haute-Saône 48 Grandecourt
0%
Haute-Saône 384 Grandvelle-et-le-Perrenot
0%
Haute-Saône 121 Hugier
0%
Haute-Saône 46 Hurecourt
0%
Haute-Saône 191 Jasney
0%
Haute-Saône 109 Jonvelle
0%
Haute-Saône 38 La Basse-Vaivre
0%
Haute-Saône 154 La Demie
0%
Haute-Saône 91 La Grande-Résie
0%
Haute-Saône 71 Lambrey
0%
Haute-Saône 40 La Pisseure
0%
Doubs 158 La Prétière
0%
Haute-Saône 146 La Proiselière-et-Langle
0%
Haute-Saône 65 La Quarte
0%
Haute-Saône 112 La Vergenne
0%
Haute-Saône 78 La Vernotte
0%
Haute-Saône 122 Lavigney
0%
Haute-Saône 111 La Voivre
0%
Haute-Saône 86 Le Magnoray
0%
Haute-Saône 76 Les Bâties
0%
Haute-Saône 131 Les Fessey
0%
Doubs 124 Les Terres-de-Chaux
0%
Haute-Saône 156 Le Tremblois
0%
Haute-Saône 53 Lieffrans
0%
Haute-Saône 75 Lieucourt
0%
Haute-Saône 156 Liévans
0%
Haute-Saône 117 Linexert
0%
Haute-Saône 99 Lœuilley
0%
Haute-Saône 427 Lyoffans
0%
Haute-Saône 166 Magnivray
0%
Haute-Saône 410 Magnoncourt
0%
Haute-Saône 330 Malbouhans
0%
Haute-Saône 65 Malvillers
0%
Haute-Saône 337 Mandrevillars
0%
Haute-Saône 53 Marast
0%
Haute-Saône 58 Maussans
0%
Haute-Saône 132 Mélecey
0%
Haute-Saône 215 Membrey
0%
Haute-Saône 298 Menoux
0%
Haute-Saône 282 Mersuay
0%
Haute-Saône 340 Meurcourt
0%
Haute-Saône 367 Mignavillers
0%
Haute-Saône 615 Moffans-et-Vacheresse
0%
Haute-Saône 236 Moimay
0%
Haute-Saône 290 Montboillon
0%
Saône-et-Loire 250 Montcony
0%
Haute-Saône 53 Montcourt
0%
Haute-Saône 163 Montessaux
0%
Haute-Saône 196 Montureux-et-Prantigny
0%
Haute-Saône 155 Montureux-lès-Baulay
0%
Haute-Saône 34 Oigney
0%
Haute-Saône 61 Onay
0%
Haute-Saône 56 Oppenans
0%
Haute-Saône 86 Ormenans
0%
Haute-Saône 68 Ormoiche
0%
Haute-Saône 146 Ovanches
0%
Haute-Saône 243 Palante
0%
Haute-Saône 195 Pennesières
0%
Haute-Saône 110 Pierrecourt
0%
Haute-Saône 70 Plainemont
0%
Haute-Saône 292 Pontcey
0%
Nièvre 193 Pousseaux
0%
Haute-Saône 114 Preigney
0%
Haute-Saône 330 Purgerot
0%
Haute-Saône 110 Raincourt
0%
Doubs 117 Randevillers
0%
Haute-Saône 16 Ranzevelle
0%
Haute-Saône 114 Renaucourt
0%
Haute-Saône 118 Rignovelle
0%
Haute-Saône 147 Ruhans
0%
Haute-Saône 144 Saint-Gand
0%
Yonne 68 Sambourg
0%
Yonne 85 Santigny
0%
Haute-Saône 72 Saponcourt
0%
Haute-Saône 94 Sauvigney-lès-Gray
0%
Haute-Saône 150 Sauvigney-lès-Pesmes
0%
Saône-et-Loire 77 Savianges
0%
Haute-Saône 199 Savoyeux
0%
Haute-Saône 184 Secenans
0%
Haute-Saône 110 Semmadon
0%
Haute-Saône 188 Senoncourt
0%
Doubs 134 Solemont
0%
Doubs 116 Sourans
0%
Haute-Saône 26 Tartécourt
0%
Doubs 260 Thiébouhans
0%
Haute-Saône 166 Thieffrans
0%
Haute-Saône 108 Thiénans
0%
Haute-Saône 83 Tincey-et-Pontrebeau
0%
Haute-Saône 159 Traitiéfontaine
0%
Haute-Saône 264 Trésilley
0%
Doubs 28 Tressandans
0%
Haute-Saône 121 Tromarey
0%
Doubs 102 Trouvans
0%
Haute-Saône 106 Vandelans
0%
Haute-Saône 158 Varogne
0%
Haute-Saône 117 Vauchoux
0%
Haute-Saône 216 Vauconcourt-Nervezain
0%
Doubs 357 Velesmes-Essarts
0%
Haute-Saône 103 Velleclaire
0%
Haute-Saône 115 Vellefrey-et-Vellefrange
0%
Haute-Saône 123 Vellefrie
0%
Haute-Saône 151 Velleguindry-et-Levrecey
0%
Haute-Saône 297 Velleminfroy
0%
Haute-Saône 85 Vellemoz
0%
Haute-Saône 80 Velloreille-lès-Choye
0%
Haute-Saône 203 Velorcey
0%
Haute-Saône 132 Venisey
0%
Haute-Saône 210 Vereux
0%
Haute-Saône 167 Verlans
0%
Doubs 92 Viéthorey
0%
Haute-Saône 204 Villafans
0%
Haute-Saône 114 Villargent
0%
Yonne 356 Villecien
0%
Yonne 667 Villemanoche
0%
Yonne 161 Villenavotte
0%
Haute-Saône 191 Villeparois
0%
Haute-Saône 66 Vilory
0%
Haute-Saône 38 Visoncourt
0%
Haute-Saône 54 Volon
0%
Haute-Saône 159 Vougécourt
0%
Haute-Saône 382 Vouhenans
0%
Haute-Saône 177 Vregille
0%
Aucun quiz correspondant
Distribution des résultats
% des personnes avec chaque résultat
Percentile par nombre de réponses
Votre historique - résultats
Vous n’avez pas pris ce quiz depuis la dernière actualisation